Nommez un Pokémon A-Z - contenant chaque lettre de l'alphabet - Statistiques

Statistiques générales
  • Ce quiz a été pris 964 fois
  • Le résultat moyen est 294 sur 534
Statistiques - réponses
Première lettre Contient Mots Words % Correct
A A Aspicot|Abo|Arbok|Aeromite|Akwakwak|Arcanin|Abra|Alakazam|Aquali|Amonita|Amonistar|Artikodin|Aligatueur|Azumarill|Axoloto|Airmure|Arcko|Armulys|Arakdo|Azurill|Avaltout|Altaria|Anorith|Armaldo|Absol|Apitrini|Apireine|Archeomire|Archeodong|Arceus|Arkeapti|Aeropteryx|Anchwatt|Aflamanoir|Amphinobi|Amagara|Archeduc|Argouste|Araqua|AmaAma|Angoliath|Arrozard|Astronelle|Arboliva|Amassel|Ampibidou
93%
P P Papilusion|Piafabec|Pikachu|Paras|Parasect|Persian|Psykokwak|Ptitard|Ponyta|Poissirene|Poissoroy|Pyroli|Porygon|Ptera|Pichu|Pharamp|Pomdepik|Phanpy|Porygon2|Poussifeu|Papinox|Pifeuil|Parecool|Posipi|Polichombr|Phogleur|Prinplouf|Pingoleon|Papilord|Pachirisu|Ptiravi|Pijako|Phyllali|PorygonZ|Palkia|Phione|Ponchiot|Ponchien|Poichigeon|Pashmilla|Polarhume|Polagriffe|Pyronille|Pyrax|Passerouge|Peregrain|Prismillon|Pandespiegle|Pandarbare|Psystigri|Ptyranidur|Pitrouille|Picassaut|Piclairon|Plumeline|Predasterie|Pierroteknik|Pachyradjah|Palarticho|Paragruel|Polthegeist|Pomdrapi|Poulpaf|Pyrobut|Poussacha|Palmaval|Pohm|Pohmotte|Pohmarmotte|Patachiot|Pimito|Pietace|PelageSable|PaumedeFer|Pomdramour|Poltchageist|Pondralugon|Pomdorochi|Pechaminus
92%
Z U Zorua
92%
C C Carapuce|Carabaffe|Chenipan|Chrysacier|Coconfort|Colossinge|Caninos|Chetiflor|Canarticho|Crustabri|Crocrodil|Coxy|Coxyclaque|Cotovol|Capumain|Cornebre|Cizayox|Caratroc|Cochignon|Corayon|Cadoizo|Cerfrousse|Celebi|Chenipotte|Charmillon|Chapignon|Chuchmur|Charmina|Carvanha|Chamallot|Camerupt|Chartor|Cacnea|Cacturne|Colhomard|Coquiperl|Chimpenfeu|Castorno|Crikzik|Charkos|Cheniti|Cheniselle|Ceribou|Ceriflor|Capidextre|Corboss|Chaglam|Chaffreux|Carmache|Carchacrok|Cradopaud|Coatox|Coudlangue|Crehelf|Crefollet|Crefadet|Cresselia|Clamiral|Chacripan|Colombeau|Chovsourir|Charpenti|Crapustule|Couverdure|Chlorobule|Crocorible|Crabicoque|Crabaraque|Cryptero|Carapagos|Chinchidou|Couaneton|Carabing|Clic|Cliticlic|Coupenotte|Cobaltium|Croaporal|Cabriolaine|Chevroum|Couafarel|Cocotine|Cupcanaille|Colimucus|Chrysapile|Crabagarre|Crabominable|Chelours|Croquine|Candine|Concombaffe|Cosmog|Cosmovum|Cancrelove|Cablifere|Cerbyllin|Chapotus|Charbi|Charibari|Charmilly|Coleodome|Corayome|Corvaillus|Cremy|Chochodile|Crocogril|Coiffeton|Canarbello|Compagnol|Charbambin|Carmadura|Craparoi|Cleopsytra|Courrousinge|Cryodo|Chongjian|ChefdeFer
91%
P A Papilusion|Piafabec|Pikachu|Paras|Parasect|Persian|Psykokwak|Ptitard|Ponyta|Ptera|Pharamp|Phanpy|Papinox|Parecool|Papilord|Pachirisu|Ptiravi|Pijako|Phyllali|Palkia|Pashmilla|Polarhume|Polagriffe|Pyrax|Passerouge|Peregrain|Pandespiegle|Pandarbare|Ptyranidur|Picassaut|Piclairon|Predasterie|Pachyradjah|Palarticho|Paragruel|Pomdrapi|Poulpaf|Poussacha|Palmaval|Pohmarmotte|Patachiot|Pietace|PelageSable|PaumedeFer|Pomdramour|Poltchageist|Pondralugon|Pechaminus
91%
B B Bulbizarre|Boustiflor|Brasegali|Blindalys|Bekipan|Balignon|Brouhabam|Barloche|Barbicha|Balbuto|Barpau|Branette|Boskara|Bastiodon|Baudrive|Babimanta|Blizzi|Blizzaroi|Bouldeneu|Betochef|Batracne|Brutapode|Bargantua|Baggiguane|Baggaid|Boreas|Boguerisse|Blindepique|Braisillon|Brutalibre|Brocelome|Banshitrouye|Bruyverne|Brindibou|Bazoucan|Bombydou|Bourrinos|Bacabouh|Boumata|Bebecaille|Bamboiselle|Badabouin|Bekaglacon|Beldeneige|Berserkatt|Bibichut|Blancoton|Bleuseille|Blizzeval|Briochien|Berasca|Balbaleze|Baojian
90%
C A Carapuce|Carabaffe|Chenipan|Chrysacier|Caninos|Canarticho|Crustabri|Coxyclaque|Capumain|Cizayox|Caratroc|Corayon|Cadoizo|Charmillon|Chapignon|Charmina|Carvanha|Chamallot|Camerupt|Chartor|Cacnea|Cacturne|Colhomard|Castorno|Charkos|Capidextre|Chaglam|Chaffreux|Carmache|Carchacrok|Cradopaud|Coatox|Coudlangue|Crefadet|Cresselia|Clamiral|Chacripan|Colombeau|Charpenti|Crapustule|Crabicoque|Crabaraque|Carapagos|Couaneton|Carabing|Cobaltium|Croaporal|Cabriolaine|Couafarel|Cupcanaille|Chrysapile|Crabagarre|Crabominable|Candine|Concombaffe|Cancrelove|Cablifere|Chapotus|Charbi|Charibari|Charmilly|Corayome|Corvaillus|Canarbello|Compagnol|Charbambin|Carmadura|Craparoi|Cleopsytra|Chongjian
90%
D D Dracaufeu|Dardargnan|Doduo|Dodrio|Draco|Dracolosse|Demanta|Demolosse|Donphan|Debugant|Delcatty|Dynavolt|Draby|Drackhaus|Drattak|Deoxys|Dinoclier|Drascore|Dimoret|Dialga|Darkrai|Deflaisan|Doudouvet|Darumarond|Darumacho|Drakkarmin|Diamat|Demeteros|Dimocles|Dragmara|Dedenne|Desseliande|Diancie|Dodoala|Denticrisse|Draieul|Dispareptil|Dolman|Dratatin|Dunaconda|Dunaja|Duralugon|Dogrino|Dofin|Delestin|Deusolourdo|Dinglu
90%
P I Papilusion|Piafabec|Pikachu|Persian|Ptitard|Poissirene|Poissoroy|Pyroli|Pichu|Pomdepik|Poussifeu|Papinox|Pifeuil|Posipi|Polichombr|Prinplouf|Pingoleon|Papilord|Pachirisu|Ptiravi|Pijako|Phyllali|Palkia|Phione|Ponchiot|Ponchien|Poichigeon|Pashmilla|Polagriffe|Pyronille|Peregrain|Prismillon|Pandespiegle|Psystigri|Ptyranidur|Pitrouille|Picassaut|Piclairon|Plumeline|Predasterie|Pierroteknik|Palarticho|Polthegeist|Pomdrapi|Patachiot|Pimito|Pietace|Poltchageist|Pomdorochi|Pechaminus
90%
B A Bulbizarre|Brasegali|Blindalys|Bekipan|Balignon|Brouhabam|Barloche|Barbicha|Balbuto|Barpau|Branette|Boskara|Bastiodon|Baudrive|Babimanta|Blizzaroi|Batracne|Brutapode|Bargantua|Baggiguane|Baggaid|Boreas|Braisillon|Brutalibre|Banshitrouye|Bazoucan|Bacabouh|Boumata|Bebecaille|Bamboiselle|Badabouin|Bekaglacon|Berserkatt|Blancoton|Blizzeval|Berasca|Balbaleze|Baojian
89%
C R Carapuce|Carabaffe|Chrysacier|Coconfort|Chetiflor|Canarticho|Crustabri|Crocrodil|Cornebre|Caratroc|Corayon|Cerfrousse|Charmillon|Chuchmur|Charmina|Carvanha|Camerupt|Chartor|Cacturne|Colhomard|Coquiperl|Castorno|Crikzik|Charkos|Ceribou|Ceriflor|Capidextre|Corboss|Chaffreux|Carmache|Carchacrok|Cradopaud|Crehelf|Crefollet|Crefadet|Cresselia|Clamiral|Chacripan|Chovsourir|Charpenti|Crapustule|Couverdure|Chlorobule|Crocorible|Crabicoque|Crabaraque|Cryptero|Carapagos|Carabing|Croaporal|Cabriolaine|Chevroum|Couafarel|Chrysapile|Crabagarre|Crabominable|Chelours|Croquine|Cancrelove|Cablifere|Cerbyllin|Charbi|Charibari|Charmilly|Corayome|Corvaillus|Cremy|Crocogril|Canarbello|Charbambin|Carmadura|Craparoi|Cleopsytra|Courrousinge|Cryodo|ChefdeFer
89%
B I Bulbizarre|Boustiflor|Brasegali|Blindalys|Bekipan|Balignon|Barbicha|Bastiodon|Baudrive|Babimanta|Blizzi|Blizzaroi|Baggiguane|Baggaid|Boguerisse|Blindepique|Braisillon|Brutalibre|Banshitrouye|Brindibou|Bourrinos|Bebecaille|Bamboiselle|Badabouin|Beldeneige|Bibichut|Bleuseille|Blizzeval|Briochien|Baojian
88%
B R Bulbizarre|Boustiflor|Brasegali|Brouhabam|Barloche|Barbicha|Barpau|Branette|Boskara|Baudrive|Blizzaroi|Batracne|Brutapode|Bargantua|Boreas|Boguerisse|Braisillon|Brutalibre|Brocelome|Banshitrouye|Bruyverne|Brindibou|Bourrinos|Berserkatt|Briochien|Berasca
88%
C E Carapuce|Carabaffe|Chenipan|Chrysacier|Colossinge|Chetiflor|Coxyclaque|Cornebre|Cerfrousse|Celebi|Chenipotte|Camerupt|Cacnea|Cacturne|Coquiperl|Chimpenfeu|Cheniti|Cheniselle|Ceribou|Ceriflor|Capidextre|Chaffreux|Carmache|Coudlangue|Crehelf|Crefollet|Crefadet|Cresselia|Colombeau|Charpenti|Crapustule|Couverdure|Chlorobule|Crocorible|Crabicoque|Crabaraque|Cryptero|Couaneton|Coupenotte|Cabriolaine|Chevroum|Couafarel|Cocotine|Cupcanaille|Chrysapile|Crabagarre|Crabominable|Chelours|Croquine|Candine|Concombaffe|Cancrelove|Cablifere|Cerbyllin|Coleodome|Corayome|Cremy|Chochodile|Coiffeton|Canarbello|Cleopsytra|Courrousinge|ChefdeFer
88%
D A Dracaufeu|Dardargnan|Draco|Dracolosse|Demanta|Donphan|Debugant|Delcatty|Dynavolt|Draby|Drackhaus|Drattak|Drascore|Dialga|Darkrai|Deflaisan|Darumarond|Darumacho|Drakkarmin|Diamat|Dragmara|Desseliande|Diancie|Dodoala|Draieul|Dispareptil|Dolman|Dratatin|Dunaconda|Dunaja|Duralugon
88%
P U Papilusion|Pikachu|Pichu|Poussifeu|Pifeuil|Phogleur|Prinplouf|Pachirisu|Polarhume|Passerouge|Ptyranidur|Pitrouille|Picassaut|Plumeline|Paragruel|Poulpaf|Pyrobut|Poussacha|PaumedeFer|Pomdramour|Pondralugon|Pechaminus
88%
S S Salameche|Sabelette|Sablaireau|Spectrum|Soporifik|Smogo|Smogogo|Saquedeneu|Stari|Staross|Scarabrute|Sulfura|Simularbre|Scorplane|Steelix|Snubbull|Scarhino|Suicune|Skitty|Sharpedo|Spoink|Spinda|Seviper|Seleroc|Solaroc|Skelenox|Stalgamin|Serpang|Simiabraz|Sancoki|Spiritomb|Scorvol|Shaymin|Scobolide|Scrutella|Siderella|Symbios|Sorbebe|Sorboul|Sorbouboul|Statitik|Shaofouine|Scalpion|Scalproie|Solochi|Sapereau|Sucroquin|Sepiatop|Sepiatroce|Strassie|Seracrawl|Sonistrelle|Spododo|Sucreine|Sovkipou|Sarmurai|Silvallie|Sinistrail|Solgaleo|Salarsen|Scolocendre|Shifours|Sorcilence|Spectreval|Sylveroy|Selutin|Scovilain|Superdofin|Scalpereur|SerpenteEau
88%
A R Arbok|Aeromite|Arcanin|Abra|Amonistar|Artikodin|Aligatueur|Azumarill|Airmure|Arcko|Armulys|Arakdo|Azurill|Altaria|Anorith|Armaldo|Apitrini|Apireine|Archeomire|Archeodong|Arceus|Arkeapti|Aeropteryx|Aflamanoir|Amagara|Archeduc|Argouste|Araqua|Arrozard|Astronelle|Arboliva
87%
M M Melofee|Melodelfe|Mystherbe|Mimitoss|Miaouss|Machoc|Machopeur|Mackogneur|Magneti|Magneton|M.Mime|Magmar|Magicarpe|Metamorph|Minidraco|Mewtwo|Mew|Macronium|Meganium|Mimigal|Migalos|Melo|Marill|Maraiste|Mentali|Marcacrin|Malosse|Magby|Massko|Medhyena|Maskadra|Monaflemit|Munja|Makuhita|Mystibule|Meditikka|Muciole|Mangriff|Milobellus|Morpheo|Metang|Metalosse|Melokrik|Mustebouee|Musteflott|Magireve|Moufouette|Moufflair|Manzai|Mimejunior|Magnezone|Maganon|Mammochon|Momartik|Motisma|Manaphy|Majaspic|Moustillon|Mateloutre|Miradar|Mastouffe|Munna|Mushana|Minotaupe|Manternel|Mascaiman|Maracachi|Megapagos|Miamiasme|Miasmax|Mesmerella|Meios|Moyade|Mamanbo|Mygavolt|Melancolux|Meloetta|Marisson|Mistigrix|Monorpale|Mucuscule|Muplodocus|Matoufeu|Manglouton|Mimantis|Malamandre|Meteno|Mimiqui|Mouscoto|Magearna|Marshadow|Mandrillon|M.Glaquette|Minisange|Monthracite|Morpeko|Moumouflon|Moumouton|Matourgeon|Miascarade|Malvalame|Motorizard|MitedeFer|Mordudor|Miraidon
87%
R R Reptincel|Roucool|Roucoups|Roucarnage|Rattata|Rattatac|Rapasdepic|Raichu|Rondoudou|Rafflesia|Racaillou|Ramoloss|Rhinocorne|Rhinoferos|Ronflex|Roigada|Remoraid|Raikou|Ramboum|Roselia|Rosabyss|Relicanth|Regirock|Regice|Registeel|Rayquaza|Rozbouton|Roserade|Riolu|Rapion|Rhinastoc|Regigigas|Roitiflam|Ratentif|Rhinolove|Rototaupe|Reshiram|Roussil|Rexillius|Rubombelle|Rocabot|Regidrago|Regieleki|Rongourmand|Rongrigou|Roublenard|RampeAiles|RouedeFer|RugitLune|RocdeFer
87%
S A Salameche|Sabelette|Sablaireau|Saquedeneu|Stari|Staross|Scarabrute|Sulfura|Simularbre|Scorplane|Scarhino|Sharpedo|Spinda|Solaroc|Stalgamin|Serpang|Simiabraz|Sancoki|Shaymin|Scrutella|Siderella|Statitik|Shaofouine|Scalpion|Scalproie|Solochi|Sapereau|Sepiatop|Sepiatroce|Strassie|Seracrawl|Sarmurai|Silvallie|Sinistrail|Solgaleo|Salarsen|Spectreval|Scovilain|Scalpereur|SerpenteEau
87%
T T Tortank|Taupiqueur|Triopikeur|Tetarte|Tartard|Tentacool|Tentacruel|Tadmorv|Tygnon|Tauros|Typhlosion|Toudoudou|Togepi|Togetic|Tarpaud|Tournegrin|Teddiursa|Tyranocif|Tengalice|Tarsal|Tarinor|Tenefix|Tylton|Teraclope|Tropius|Terhal|Tortipouss|Torterra|Tiplouf|Tritosor|Togekiss|Tarinorme|Tritonde|Tutafeh|Tutankafer|Trompignon|Tic|Tranchodon|Trioxhydre|Terrakium|Trousselin|Tiboudet|Tarenbulle|Tritox|Trepassable|Type0|Typezéro|Togedemaru|Tokorico|Tokopiyon|Tokotoro|Tokopisco|Theffroi|Torgamord|Tournicoton|Toxizap|Tutetekri|Tissenboule|Tapatoes|Tetampoule|TagTag|Terracool|Terracruel|Taupikeau|Triopikeau|Toutombe|Tomberro|Terraiste|TetesdeFer|Theffroyable|Terapagos
87%
B U Bulbizarre|Boustiflor|Brouhabam|Balbuto|Barpau|Baudrive|Bouldeneu|Brutapode|Bargantua|Baggiguane|Boguerisse|Blindepique|Brutalibre|Banshitrouye|Bruyverne|Brindibou|Bazoucan|Bombydou|Bourrinos|Bacabouh|Boumata|Badabouin|Bibichut|Bleuseille
86%
D R Dracaufeu|Dardargnan|Dodrio|Draco|Dracolosse|Draby|Drackhaus|Drattak|Dinoclier|Drascore|Dimoret|Darkrai|Darumarond|Darumacho|Drakkarmin|Demeteros|Dragmara|Denticrisse|Draieul|Dispareptil|Dratatin|Duralugon|Dogrino|Deusolourdo
86%
E E Empiflor|Ectoplasma|Electrode|Excelangue|Elektek|Evoli|Electhor|Elekid|Ecremeuh|Entei|Embrylex|Elecsprint|Ecrapince|Eoko|Etourmi|Etourvol|Etouraptor|Ecayon|Elekable|Escroco|Emolga|Escargaume|Excavarenne|Exagide|Effleche|Ecaid|Ekaiser|Engloutyran|Embrochet|ethernatos|epinedeFer
86%
P H Pikachu|Pichu|Pharamp|Phanpy|Polichombr|Phogleur|Pachirisu|Phyllali|Phione|Ponchiot|Ponchien|Poichigeon|Pashmilla|Polarhume|Pachyradjah|Palarticho|Polthegeist|Poussacha|Pohm|Pohmotte|Pohmarmotte|Patachiot|Poltchageist|Pomdorochi|Pechaminus
86%
S E Salameche|Sabelette|Sablaireau|Spectrum|Saquedeneu|Scarabrute|Simularbre|Scorplane|Steelix|Suicune|Sharpedo|Seviper|Seleroc|Skelenox|Serpang|Scobolide|Scrutella|Siderella|Sorbebe|Shaofouine|Scalproie|Sapereau|Sepiatop|Sepiatroce|Strassie|Seracrawl|Sonistrelle|Sucreine|Silvallie|Solgaleo|Salarsen|Scolocendre|Sorcilence|Spectreval|Sylveroy|Selutin|Superdofin|Scalpereur|SerpenteEau
86%
T A Tortank|Taupiqueur|Tetarte|Tartard|Tentacool|Tentacruel|Tadmorv|Tauros|Tarpaud|Teddiursa|Tyranocif|Tengalice|Tarsal|Tarinor|Teraclope|Terhal|Torterra|Tarinorme|Tutafeh|Tutankafer|Tranchodon|Terrakium|Tarenbulle|Trepassable|Togedemaru|Torgamord|Toxizap|Tapatoes|Tetampoule|TagTag|Terracool|Terracruel|Taupikeau|Triopikeau|Terraiste|Theffroyable|Terapagos
86%
T R Tortank|Taupiqueur|Triopikeur|Tetarte|Tartard|Tentacruel|Tadmorv|Tauros|Tarpaud|Tournegrin|Teddiursa|Tyranocif|Tarsal|Tarinor|Teraclope|Tropius|Terhal|Tortipouss|Torterra|Tritosor|Tarinorme|Tritonde|Tutankafer|Trompignon|Tranchodon|Trioxhydre|Terrakium|Trousselin|Tarenbulle|Tritox|Trepassable|Type0|Typezéro|Togedemaru|Tokorico|Tokotoro|Theffroi|Torgamord|Tournicoton|Tutetekri|Terracool|Terracruel|Triopikeau|Tomberro|Terraiste|TetesdeFer|Theffroyable|Terapagos
86%
A I Aspicot|Aeromite|Arcanin|Aquali|Amonita|Amonistar|Artikodin|Aligatueur|Azumarill|Airmure|Azurill|Altaria|Anorith|Apitrini|Apireine|Archeomire|Arkeapti|Aflamanoir|Amphinobi|Angoliath|Arboliva|Ampibidou
85%
A O Aspicot|Abo|Arbok|Aeromite|Amonita|Amonistar|Artikodin|Axoloto|Arcko|Arakdo|Avaltout|Anorith|Armaldo|Absol|Archeomire|Archeodong|Aeropteryx|Aflamanoir|Amphinobi|Argouste|Angoliath|Arrozard|Astronelle|Arboliva|Ampibidou
85%
B E Bulbizarre|Brasegali|Bekipan|Barloche|Branette|Baudrive|Bouldeneu|Betochef|Batracne|Brutapode|Baggiguane|Boreas|Boguerisse|Blindepique|Brutalibre|Brocelome|Banshitrouye|Bruyverne|Bebecaille|Bamboiselle|Bekaglacon|Beldeneige|Berserkatt|Bleuseille|Blizzeval|Briochien|Berasca|Balbaleze
85%
B L Bulbizarre|Boustiflor|Brasegali|Blindalys|Balignon|Barloche|Balbuto|Blizzi|Blizzaroi|Bouldeneu|Blindepique|Braisillon|Brutalibre|Brocelome|Bebecaille|Bamboiselle|Bekaglacon|Beldeneige|Blancoton|Bleuseille|Blizzeval|Balbaleze
85%
F F Florizarre|Feunard|Ferosinge|Flagadoss|Fantominus|Feurisson|Fouinette|Fouinar|Floravol|Feuforeve|Foretress|Farfuret|Flobio|Feuillajou|Feuiloutan|Flamajou|Flamoutan|Flotajou|Flotoutan|Farfaduvet|Fragilady|Funecire|Frison|Furaiglon|Fermite|Fulguris|Feunnec|Flambusard|Flabebe|Floette|Florges|Fluvetin|Flingouste|Flamiaou|Felinferno|Froussardine|Floramantis|Fantyrm|Farfurex|Flambino|Fourbelin|Frissonille|Fulgudog|Flamigator|Fragroin|Filentrappe|Famignol|Fulgulairo|Flotillon|Forgerette|Forgella|Forgelina|Ferdeter|Floreclat|Flamenroule|Farigiraf|FortIvoire|FongusFurie|FlotteMeche|Frigodo|Felicanis|Fortusimia|Favianos|FeuPercant
85%
G G Goupix|Grodoudou|Gravalanch|Grolem|Galopa|Grotadmorv|Germignon|Granivol|Girafarig|Granbull|Galifeu|Gobou|Grahyena|Grainipiot|Goelise|Gardevoir|Galekid|Galegon|Galeking|Gloupti|Groret|Groudon|Grodrive|Griknot|Goinfrex|Givrali|Gallame|Giratina|Gruikui|Grotichon|Geolithe|Gigalithe|Gaulet|Grindur|Gringolem|Golemastoc|Gueriaigle|Genesect|Goupelin|Grenousse|Golgopathe|Gamblast|Galvaran|Grelacon|Guerilande|Gouroutan|Galvagla|Galvagon|Gorythmic|Goupilou|Grillepattes|Grimalin|Gourmelet|Gambex|Gigansel|Grondogue|Gribouraigne|Germeclat|Glaivodo|Gromago|GardedeFer
85%
M A Miaouss|Machoc|Machopeur|Mackogneur|Magneti|Magneton|Magmar|Magicarpe|Metamorph|Minidraco|Macronium|Meganium|Mimigal|Migalos|Marill|Maraiste|Mentali|Marcacrin|Malosse|Magby|Massko|Medhyena|Maskadra|Monaflemit|Munja|Makuhita|Meditikka|Mangriff|Metang|Metalosse|Magireve|Moufflair|Manzai|Magnezone|Maganon|Mammochon|Momartik|Motisma|Manaphy|Majaspic|Mateloutre|Miradar|Mastouffe|Munna|Mushana|Minotaupe|Manternel|Mascaiman|Maracachi|Megapagos|Miamiasme|Miasmax|Mesmerella|Moyade|Mamanbo|Mygavolt|Melancolux|Meloetta|Marisson|Monorpale|Matoufeu|Manglouton|Mimantis|Malamandre|Magearna|Marshadow|Mandrillon|M.Glaquette|Minisange|Monthracite|Matourgeon|Miascarade|Malvalame|Motorizard|Miraidon
85%
M E Melofee|Melodelfe|Mystherbe|Machopeur|Mackogneur|Magneti|Magneton|M.Mime|Magicarpe|Metamorph|Mewtwo|Mew|Meganium|Melo|Maraiste|Mentali|Malosse|Medhyena|Monaflemit|Mystibule|Meditikka|Muciole|Milobellus|Morpheo|Metang|Metalosse|Melokrik|Mustebouee|Musteflott|Magireve|Moufouette|Mimejunior|Magnezone|Mateloutre|Mastouffe|Minotaupe|Manternel|Megapagos|Miamiasme|Mesmerella|Meios|Moyade|Melancolux|Meloetta|Monorpale|Mucuscule|Matoufeu|Malamandre|Meteno|Magearna|M.Glaquette|Minisange|Monthracite|Morpeko|Matourgeon|Miascarade|Malvalame|MitedeFer
85%
T O Tortank|Triopikeur|Tentacool|Tadmorv|Tygnon|Tauros|Typhlosion|Toudoudou|Togepi|Togetic|Tournegrin|Tyranocif|Tarinor|Tylton|Teraclope|Tropius|Tortipouss|Torterra|Tiplouf|Tritosor|Togekiss|Tarinorme|Tritonde|Trompignon|Tranchodon|Trioxhydre|Trousselin|Tiboudet|Tritox|Type0|Typezéro|Togedemaru|Tokorico|Tokopiyon|Tokotoro|Tokopisco|Theffroi|Torgamord|Tournicoton|Toxizap|Tissenboule|Tapatoes|Tetampoule|Terracool|Triopikeau|Toutombe|Tomberro|Theffroyable|Terapagos
85%
F A Florizarre|Feunard|Flagadoss|Fantominus|Fouinar|Floravol|Farfuret|Feuillajou|Feuiloutan|Flamajou|Flamoutan|Flotajou|Flotoutan|Farfaduvet|Fragilady|Furaiglon|Flambusard|Flabebe|Flamiaou|Froussardine|Floramantis|Fantyrm|Farfurex|Flambino|Flamigator|Fragroin|Filentrappe|Famignol|Fulgulairo|Forgella|Forgelina|Floreclat|Flamenroule|Farigiraf|Felicanis|Fortusimia|Favianos|FeuPercant
84%
P C Piafabec|Pikachu|Parasect|Pichu|Parecool|Polichombr|Pachirisu|Ponchiot|Ponchien|Poichigeon|Picassaut|Piclairon|Pachyradjah|Palarticho|Poussacha|Patachiot|Pietace|Poltchageist|Pomdorochi|Pechaminus
84%
P K Pikachu|Psykokwak|Pomdepik|Pijako|Palkia|Pierroteknik
84%
R A Roucarnage|Rattata|Rattatac|Rapasdepic|Raichu|Rafflesia|Racaillou|Ramoloss|Roigada|Remoraid|Raikou|Ramboum|Roselia|Rosabyss|Relicanth|Rayquaza|Roserade|Rapion|Rhinastoc|Regigigas|Roitiflam|Ratentif|Rototaupe|Reshiram|Rocabot|Regidrago|Rongourmand|Roublenard|RampeAiles
84%
R I Reptincel|Rapasdepic|Raichu|Rafflesia|Racaillou|Rhinocorne|Rhinoferos|Roigada|Remoraid|Raikou|Roselia|Relicanth|Regirock|Regice|Registeel|Riolu|Rapion|Rhinastoc|Regigigas|Roitiflam|Ratentif|Rhinolove|Reshiram|Roussil|Rexillius|Regidrago|Regieleki|Rongrigou|RampeAiles|RugitLune
84%
A L Alakazam|Aquali|Aligatueur|Azumarill|Axoloto|Armulys|Azurill|Avaltout|Altaria|Armaldo|Absol|Aflamanoir|Angoliath|Astronelle|Arboliva|Amassel
83%
E L Empiflor|Ectoplasma|Electrode|Excelangue|Elektek|Evoli|Electhor|Elekid|Embrylex|Elecsprint|Etourvol|Elekable|Emolga|Effleche|Engloutyran
83%
F R Florizarre|Feunard|Ferosinge|Feurisson|Fouinar|Floravol|Feuforeve|Foretress|Farfuret|Farfaduvet|Fragilady|Funecire|Frison|Furaiglon|Fermite|Fulguris|Flambusard|Florges|Felinferno|Froussardine|Floramantis|Fantyrm|Farfurex|Fourbelin|Frissonille|Flamigator|Fragroin|Filentrappe|Fulgulairo|Forgerette|Forgella|Forgelina|Ferdeter|Floreclat|Flamenroule|Farigiraf|FortIvoire|FongusFurie|Frigodo|Fortusimia|FeuPercant
83%
M O Melofee|Melodelfe|Mimitoss|Miaouss|Machoc|Machopeur|Mackogneur|Magneton|Metamorph|Minidraco|Mewtwo|Macronium|Migalos|Melo|Malosse|Massko|Monaflemit|Muciole|Milobellus|Morpheo|Metalosse|Melokrik|Mustebouee|Musteflott|Moufouette|Moufflair|Mimejunior|Magnezone|Maganon|Mammochon|Momartik|Motisma|Moustillon|Mateloutre|Mastouffe|Minotaupe|Megapagos|Meios|Moyade|Mamanbo|Mygavolt|Melancolux|Meloetta|Marisson|Monorpale|Muplodocus|Matoufeu|Manglouton|Meteno|Mouscoto|Marshadow|Mandrillon|Monthracite|Morpeko|Moumouflon|Moumouton|Matourgeon|Motorizard|Mordudor|Miraidon
83%
S L Salameche|Sabelette|Sablaireau|Sulfura|Simularbre|Scorplane|Steelix|Snubbull|Seleroc|Solaroc|Skelenox|Stalgamin|Scorvol|Scobolide|Scrutella|Siderella|Sorboul|Sorbouboul|Scalpion|Scalproie|Solochi|Seracrawl|Sonistrelle|Silvallie|Sinistrail|Solgaleo|Salarsen|Scolocendre|Sorcilence|Spectreval|Sylveroy|Selutin|Scovilain|Scalpereur
83%
C I Chenipan|Chrysacier|Colossinge|Caninos|Chetiflor|Canarticho|Crustabri|Crocrodil|Capumain|Cizayox|Cochignon|Cadoizo|Celebi|Chenipotte|Charmillon|Chapignon|Charmina|Coquiperl|Chimpenfeu|Crikzik|Cheniti|Cheniselle|Ceribou|Ceriflor|Capidextre|Cresselia|Clamiral|Chacripan|Chovsourir|Charpenti|Crocorible|Crabicoque|Chinchidou|Carabing|Clic|Cliticlic|Cobaltium|Cabriolaine|Cocotine|Cupcanaille|Colimucus|Chrysapile|Crabominable|Croquine|Candine|Cablifere|Cerbyllin|Charbi|Charibari|Charmilly|Corvaillus|Chochodile|Crocogril|Coiffeton|Charbambin|Craparoi|Courrousinge|Chongjian
82%
C O Coconfort|Colossinge|Caninos|Chetiflor|Canarticho|Crocrodil|Coxy|Coxyclaque|Cotovol|Cornebre|Cizayox|Caratroc|Cochignon|Corayon|Cadoizo|Cerfrousse|Chenipotte|Charmillon|Chapignon|Chamallot|Chartor|Colhomard|Coquiperl|Castorno|Charkos|Ceribou|Ceriflor|Corboss|Carchacrok|Cradopaud|Coatox|Coudlangue|Crefollet|Colombeau|Chovsourir|Couverdure|Chlorobule|Crocorible|Crabicoque|Cryptero|Carapagos|Chinchidou|Couaneton|Coupenotte|Cobaltium|Croaporal|Cabriolaine|Chevroum|Couafarel|Cocotine|Colimucus|Crabominable|Chelours|Croquine|Concombaffe|Cosmog|Cosmovum|Cancrelove|Chapotus|Coleodome|Corayome|Corvaillus|Chochodile|Crocogril|Coiffeton|Canarbello|Compagnol|Craparoi|Cleopsytra|Courrousinge|Cryodo|Chongjian
82%
C U Carapuce|Crustabri|Coxyclaque|Capumain|Cerfrousse|Chuchmur|Camerupt|Cacturne|Coquiperl|Chimpenfeu|Ceribou|Chaffreux|Cradopaud|Coudlangue|Colombeau|Chovsourir|Crapustule|Couverdure|Chlorobule|Crabicoque|Crabaraque|Chinchidou|Couaneton|Coupenotte|Cobaltium|Chevroum|Couafarel|Cupcanaille|Colimucus|Chelours|Croquine|Cosmovum|Chapotus|Corvaillus|Carmadura|Courrousinge
82%
D E Dracaufeu|Dracolosse|Demanta|Demolosse|Debugant|Delcatty|Deoxys|Dinoclier|Drascore|Dimoret|Deflaisan|Doudouvet|Demeteros|Dimocles|Dedenne|Desseliande|Diancie|Denticrisse|Draieul|Dispareptil|Delestin|Deusolourdo
82%
E O Empiflor|Ectoplasma|Electrode|Evoli|Electhor|Eoko|Etourmi|Etourvol|Etouraptor|Ecayon|Escroco|Emolga|Engloutyran|Embrochet|ethernatos
82%
F E Florizarre|Feunard|Ferosinge|Feurisson|Fouinette|Feuforeve|Foretress|Farfuret|Feuillajou|Feuiloutan|Farfaduvet|Funecire|Fermite|Feunnec|Flabebe|Floette|Florges|Fluvetin|Flingouste|Felinferno|Froussardine|Farfurex|Fourbelin|Frissonille|Filentrappe|Forgerette|Forgella|Forgelina|Ferdeter|Floreclat|Flamenroule|FortIvoire|FongusFurie|FlotteMeche|Felicanis|FeuPercant
82%
G O Goupix|Grodoudou|Grolem|Galopa|Grotadmorv|Germignon|Granivol|Gobou|Grainipiot|Goelise|Gardevoir|Galegon|Gloupti|Groret|Groudon|Grodrive|Griknot|Goinfrex|Grotichon|Geolithe|Gringolem|Golemastoc|Goupelin|Grenousse|Golgopathe|Grelacon|Gouroutan|Galvagon|Gorythmic|Goupilou|Gourmelet|Grondogue|Gribouraigne|Glaivodo|Gromago
82%
G R Grodoudou|Gravalanch|Grolem|Grotadmorv|Germignon|Granivol|Girafarig|Granbull|Grahyena|Grainipiot|Gardevoir|Groret|Groudon|Grodrive|Griknot|Goinfrex|Givrali|Giratina|Gruikui|Grotichon|Grindur|Gringolem|Gueriaigle|Grenousse|Galvaran|Grelacon|Guerilande|Gouroutan|Gorythmic|Grillepattes|Grimalin|Gourmelet|Grondogue|Gribouraigne|Germeclat|Gromago|GardedeFer
82%
H H Herbizarre|Hypnomade|Hypotrempe|Hypocean|Hericendre|Hoothoot|Heliatronc|Hyporoi|HoOh|Heledelle|Hariyama|Hippopotas|Hippodocus|Heatran|Haidaim|Hexagel|Helionceau|Hoopa|Hachecateur|Hastacuda|Hexadron|Hydragla|Hydragon|HurleQueue|HottedeFer
82%
L L Lamantine|Leveinard|Lippoutou|Leviator|Lokhlass|Loupio|Lanturn|Lainergie|Limagma|Lippouti|Leuphorie|Lugia|Laggron|Lineon|Lombre|Ludicolo|Lumivole|Libegon|Lilia|Lovdisc|Latias|Latios|Lixy|Luxio|Luxray|Laporeille|Lockpin|Lucario|Lumineon|Lianaja|Leopardus|Larveyette|Lakmecygne|Lancargot|Lamperoie|Lewsor|Lugulabre|Limaspeed|Limonde|Lepidonille|Larvibule|Lucanon|Lougaroc|Lampignon|Lunala|Lanssorien|Lapyro|Larmeleon|Larvadar|Lezargus|Lilliterelle|Leboulerou|Lestombaile
82%
R C Reptincel|Roucool|Roucoups|Roucarnage|Rattatac|Rapasdepic|Raichu|Racaillou|Rhinocorne|Relicanth|Regirock|Regice|Rhinastoc|Rocabot|RocdeFer
82%
T N Tortank|Tentacool|Tentacruel|Tygnon|Typhlosion|Tournegrin|Tyranocif|Tengalice|Tarinor|Tenefix|Tylton|Tarinorme|Tritonde|Tutankafer|Trompignon|Tranchodon|Trousselin|Tarenbulle|Tokopiyon|Tournicoton|Tissenboule
82%
C P Carapuce|Chenipan|Capumain|Chenipotte|Chapignon|Camerupt|Coquiperl|Chimpenfeu|Capidextre|Cradopaud|Chacripan|Charpenti|Crapustule|Cryptero|Carapagos|Coupenotte|Croaporal|Cupcanaille|Chrysapile|Chapotus|Compagnol|Craparoi|Cleopsytra
81%
D C Dracaufeu|Draco|Dracolosse|Delcatty|Drackhaus|Dinoclier|Drascore|Darumacho|Dimocles|Diancie|Denticrisse|Dunaconda
81%
F I Florizarre|Ferosinge|Fantominus|Feurisson|Fouinette|Fouinar|Flobio|Feuillajou|Feuiloutan|Fragilady|Funecire|Frison|Furaiglon|Fermite|Fulguris|Fluvetin|Flingouste|Flamiaou|Felinferno|Froussardine|Floramantis|Flambino|Fourbelin|Frissonille|Flamigator|Fragroin|Filentrappe|Famignol|Fulgulairo|Flotillon|Forgelina|Farigiraf|FortIvoire|FongusFurie|Frigodo|Felicanis|Fortusimia|Favianos
81%
P O Papilusion|Psykokwak|Ponyta|Poissirene|Poissoroy|Pyroli|Porygon|Pomdepik|Porygon2|Poussifeu|Papinox|Parecool|Posipi|Polichombr|Phogleur|Prinplouf|Pingoleon|Papilord|Pijako|PorygonZ|Phione|Ponchiot|Ponchien|Poichigeon|Polarhume|Polagriffe|Pyronille|Passerouge|Prismillon|Pitrouille|Piclairon|Pierroteknik|Palarticho|Polthegeist|Pomdrapi|Poulpaf|Pyrobut|Poussacha|Pohm|Pohmotte|Pohmarmotte|Patachiot|Pimito|Pomdramour|Poltchageist|Pondralugon|Pomdorochi
81%
R E Reptincel|Roucarnage|Rapasdepic|Rafflesia|Rhinocorne|Rhinoferos|Ronflex|Remoraid|Roselia|Relicanth|Regirock|Regice|Registeel|Roserade|Regigigas|Ratentif|Rhinolove|Rototaupe|Reshiram|Rexillius|Rubombelle|Regidrago|Regieleki|Roublenard|RampeAiles|RouedeFer|RugitLune|RocdeFer
81%
R U Roucool|Roucoups|Roucarnage|Raichu|Rondoudou|Racaillou|Raikou|Ramboum|Rayquaza|Rozbouton|Riolu|Rototaupe|Roussil|Rexillius|Rubombelle|Rongourmand|Rongrigou|Roublenard|RouedeFer|RugitLune
81%
S C Salameche|Spectrum|Scarabrute|Scorplane|Scarhino|Suicune|Seleroc|Solaroc|Sancoki|Scorvol|Scobolide|Scrutella|Scalpion|Scalproie|Solochi|Sucroquin|Sepiatroce|Seracrawl|Sucreine|Scolocendre|Sorcilence|Spectreval|Scovilain|Scalpereur
81%
A B Abo|Arbok|Abra|Absol|Amphinobi|Arboliva|Ampibidou
80%
A K Arbok|Akwakwak|Alakazam|Artikodin|Arcko|Arakdo|Arkeapti
80%
F L Florizarre|Flagadoss|Floravol|Flobio|Feuillajou|Feuiloutan|Flamajou|Flamoutan|Flotajou|Flotoutan|Fragilady|Furaiglon|Fulguris|Flambusard|Flabebe|Floette|Florges|Fluvetin|Flingouste|Flamiaou|Felinferno|Floramantis|Flambino|Fourbelin|Frissonille|Fulgudog|Flamigator|Filentrappe|Famignol|Fulgulairo|Flotillon|Forgella|Forgelina|Floreclat|Flamenroule|FlotteMeche|Felicanis
80%
F O Florizarre|Ferosinge|Flagadoss|Fantominus|Feurisson|Fouinette|Fouinar|Floravol|Feuforeve|Foretress|Flobio|Feuillajou|Feuiloutan|Flamajou|Flamoutan|Flotajou|Flotoutan|Frison|Furaiglon|Floette|Florges|Flingouste|Flamiaou|Felinferno|Froussardine|Floramantis|Flambino|Fourbelin|Frissonille|Fulgudog|Flamigator|Fragroin|Famignol|Fulgulairo|Flotillon|Forgerette|Forgella|Forgelina|Floreclat|Flamenroule|FortIvoire|FongusFurie|FlotteMeche|Frigodo|Fortusimia|Favianos
80%
L A Lamantine|Leveinard|Leviator|Lokhlass|Lanturn|Lainergie|Limagma|Lugia|Laggron|Lilia|Latias|Latios|Luxray|Laporeille|Lucario|Lianaja|Leopardus|Larveyette|Lakmecygne|Lancargot|Lamperoie|Lugulabre|Limaspeed|Larvibule|Lucanon|Lougaroc|Lampignon|Lunala|Lanssorien|Lapyro|Larmeleon|Larvadar|Lezargus|Lestombaile
80%
M I Mimitoss|Miaouss|Magneti|M.Mime|Magicarpe|Minidraco|Macronium|Meganium|Mimigal|Migalos|Marill|Maraiste|Mentali|Marcacrin|Monaflemit|Makuhita|Mystibule|Meditikka|Muciole|Mangriff|Milobellus|Melokrik|Magireve|Moufflair|Manzai|Mimejunior|Momartik|Motisma|Majaspic|Moustillon|Miradar|Minotaupe|Mascaiman|Maracachi|Miamiasme|Miasmax|Meios|Marisson|Mistigrix|Mimantis|Mimiqui|Mandrillon|Minisange|Monthracite|Miascarade|Motorizard|MitedeFer|Miraidon
80%
R O Roucool|Roucoups|Roucarnage|Rondoudou|Racaillou|Ramoloss|Rhinocorne|Rhinoferos|Ronflex|Roigada|Remoraid|Raikou|Ramboum|Roselia|Rosabyss|Regirock|Rozbouton|Roserade|Riolu|Rapion|Rhinastoc|Roitiflam|Rhinolove|Rototaupe|Roussil|Rubombelle|Rocabot|Regidrago|Rongourmand|Rongrigou|Roublenard|RouedeFer|RocdeFer
80%
A T Aspicot|Aeromite|Amonita|Amonistar|Artikodin|Aligatueur|Axoloto|Avaltout|Altaria|Anorith|Apitrini|Arkeapti|Aeropteryx|Anchwatt|Argouste|Angoliath|Astronelle
79%
H E Herbizarre|Hypnomade|Hypotrempe|Hypocean|Hericendre|Heliatronc|Heledelle|Heatran|Hexagel|Helionceau|Hachecateur|Hexadron|HurleQueue|HottedeFer
79%
K K Kadabra|Kokiyas|Krabby|Krabboss|Kicklee|Kangourex|Kabuto|Kabutops|Kaiminus|Kapoera|Kirlia|Kraknoix|Kaorine|Kecleon|Kaymorse|Kyogre|Keunotor|Kranidos|Korillon|Karaclee|Kungfouine|Kuyrem|Keldeo|Kravarech|Katagami|Khelocrok|Krakos|Koraidon
79%
L I Lamantine|Leveinard|Lippoutou|Leviator|Loupio|Lainergie|Limagma|Lippouti|Leuphorie|Lugia|Lineon|Ludicolo|Lumivole|Libegon|Lilia|Lovdisc|Latias|Latios|Lixy|Luxio|Laporeille|Lockpin|Lucario|Lumineon|Lianaja|Lamperoie|Limaspeed|Limonde|Lepidonille|Larvibule|Lampignon|Lanssorien|Lilliterelle|Lestombaile
79%
M T Mystherbe|Mimitoss|Magneti|Magneton|Metamorph|Mewtwo|Maraiste|Mentali|Monaflemit|Makuhita|Mystibule|Meditikka|Metang|Metalosse|Mustebouee|Musteflott|Moufouette|Momartik|Motisma|Moustillon|Mateloutre|Mastouffe|Minotaupe|Manternel|Mygavolt|Meloetta|Mistigrix|Matoufeu|Manglouton|Mimantis|Meteno|Mouscoto|M.Glaquette|Monthracite|Moumouton|Matourgeon|Motorizard|MitedeFer
79%
N N Nidoranfemelle|Nidorina|Nidoqueen|Nidoranmale|Nidorino|Nidoking|Nosferalti|Nosferalto|Noeunoeuf|Noadkoko|Noarfang|Nostenfer|Natu|Noctali|Nenupiot|Nirondelle|Ningale|Ninjask|Negapi|Noctunoir|Nodulithe|Nanmeouie|Nucleos|Noacier|Neitram|Nemelios|Nymphali|Nounourson|Necrozma|Nigosier|Nigirigon
79%
R L Reptincel|Roucool|Rafflesia|Racaillou|Ramoloss|Ronflex|Roselia|Relicanth|Registeel|Riolu|Roitiflam|Rhinolove|Roussil|Rexillius|Rubombelle|Regieleki|Roublenard|RampeAiles|RugitLune
79%
S M Salameche|Spectrum|Smogo|Smogogo|Simularbre|Stalgamin|Simiabraz|Spiritomb|Shaymin|Symbios|Sarmurai
79%
C H Chenipan|Chrysacier|Chetiflor|Canarticho|Cochignon|Chenipotte|Charmillon|Chapignon|Chuchmur|Charmina|Carvanha|Chamallot|Chartor|Colhomard|Chimpenfeu|Charkos|Cheniti|Cheniselle|Chaglam|Chaffreux|Carmache|Carchacrok|Crehelf|Chacripan|Chovsourir|Charpenti|Chlorobule|Chinchidou|Chevroum|Chrysapile|Chelours|Chapotus|Charbi|Charibari|Charmilly|Chochodile|Charbambin|Chongjian|ChefdeFer
78%
C N Chenipan|Coconfort|Colossinge|Caninos|Canarticho|Capumain|Cornebre|Cochignon|Corayon|Chenipotte|Charmillon|Chapignon|Charmina|Carvanha|Cacnea|Cacturne|Chimpenfeu|Castorno|Cheniti|Cheniselle|Coudlangue|Chacripan|Charpenti|Chinchidou|Couaneton|Carabing|Coupenotte|Cabriolaine|Cocotine|Cupcanaille|Crabominable|Croquine|Candine|Concombaffe|Cancrelove|Cerbyllin|Coiffeton|Canarbello|Compagnol|Charbambin|Courrousinge|Chongjian
78%
D U Dracaufeu|Doduo|Debugant|Drackhaus|Doudouvet|Darumarond|Darumacho|Draieul|Dunaconda|Dunaja|Duralugon|Deusolourdo|Dinglu
78%
G A Gravalanch|Galopa|Grotadmorv|Granivol|Girafarig|Granbull|Galifeu|Grahyena|Grainipiot|Gardevoir|Galekid|Galegon|Galeking|Givrali|Gallame|Giratina|Gigalithe|Gaulet|Golemastoc|Gueriaigle|Golgopathe|Gamblast|Galvaran|Grelacon|Guerilande|Gouroutan|Galvagla|Galvagon|Grillepattes|Grimalin|Gambex|Gigansel|Gribouraigne|Germeclat|Glaivodo|Gromago|GardedeFer
78%
G I Goupix|Germignon|Granivol|Girafarig|Galifeu|Grainipiot|Goelise|Gardevoir|Galekid|Galeking|Gloupti|Grodrive|Griknot|Goinfrex|Givrali|Giratina|Gruikui|Grotichon|Geolithe|Gigalithe|Grindur|Gringolem|Gueriaigle|Goupelin|Guerilande|Gorythmic|Goupilou|Grillepattes|Grimalin|Gigansel|Gribouraigne|Glaivodo
78%
M N Mackogneur|Magneti|Magneton|Minidraco|Macronium|Meganium|Mentali|Marcacrin|Medhyena|Monaflemit|Munja|Mangriff|Metang|Manzai|Mimejunior|Magnezone|Maganon|Mammochon|Manaphy|Moustillon|Munna|Mushana|Minotaupe|Manternel|Mascaiman|Mamanbo|Melancolux|Marisson|Monorpale|Manglouton|Mimantis|Malamandre|Meteno|Magearna|Mandrillon|Minisange|Monthracite|Moumouflon|Moumouton|Matourgeon|Miraidon
78%
O O Ortide|Otaria|Onix|Osselait|Ossatueur|Octillery|Okeoke|Oniglali|Obalie|Ouisticram|Ouvrifier|Ohmassacre|Opermine|Otaquin|Otarlette|Oratoria|Ouistempo|Olivini|Olivado|Oyacata|Ogerpon
78%
P R Paras|Parasect|Persian|Ptitard|Poissirene|Poissoroy|Pyroli|Porygon|Ptera|Pharamp|Porygon2|Parecool|Polichombr|Phogleur|Prinplouf|Papilord|Pachirisu|Ptiravi|PorygonZ|Polarhume|Polagriffe|Pyronille|Pyrax|Passerouge|Peregrain|Prismillon|Pandarbare|Psystigri|Ptyranidur|Pitrouille|Piclairon|Predasterie|Pierroteknik|Pachyradjah|Palarticho|Paragruel|Pomdrapi|Pyrobut|Pohmarmotte|PaumedeFer|Pomdramour|Pondralugon|Pomdorochi
78%
R N Reptincel|Roucarnage|Rondoudou|Rhinocorne|Rhinoferos|Ronflex|Relicanth|Rozbouton|Rapion|Rhinastoc|Ratentif|Rhinolove|Rongourmand|Rongrigou|Roublenard|RugitLune
78%
S R Sablaireau|Spectrum|Soporifik|Stari|Staross|Scarabrute|Sulfura|Simularbre|Scorplane|Scarhino|Sharpedo|Seviper|Seleroc|Solaroc|Serpang|Simiabraz|Spiritomb|Scorvol|Scrutella|Siderella|Sorbebe|Sorboul|Sorbouboul|Scalproie|Sapereau|Sucroquin|Sepiatroce|Strassie|Seracrawl|Sonistrelle|Sucreine|Sarmurai|Sinistrail|Salarsen|Scolocendre|Shifours|Sorcilence|Spectreval|Sylveroy|Superdofin|Scalpereur|SerpenteEau
78%
V V Voltorbe|Voltali|Volcaropod|Vigoroth|Vibraninf|Vacilys|Vortente|Victini|Vipelierre|Venipatte|Vivaldaim|Viskuse|Vostourno|Vaututrice|Viridium|Venalgue|Volcanion|Vorasterie|Vemini|Verpom|Verpom|Verpom|Voltoutou|Virovent|Virevorreur|Vrombi|Vrombotor|VertdeFer
78%
Z Z Zarbi|Zigzaton|Zebiron|Zeblitz|Zorua|Zoroark|Zekrom|Zygarde|Zeroid|Zeraora|Zacian|Zamazenta|Zapetrel
78%
A M Aeromite|Alakazam|Amonita|Amonistar|Azumarill|Airmure|Armulys|Armaldo|Archeomire|Aflamanoir|Amphinobi|Amagara|AmaAma|Amassel|Ampibidou
77%
D O Doduo|Dodrio|Draco|Dracolosse|Demolosse|Donphan|Dynavolt|Deoxys|Dinoclier|Drascore|Dimoret|Doudouvet|Darumarond|Darumacho|Demeteros|Dimocles|Dodoala|Dolman|Dunaconda|Duralugon|Dogrino|Dofin|Deusolourdo
77%
E I Empiflor|Evoli|Elekid|Entei|Elecsprint|Ecrapince|Etourmi|Exagide|Ecaid|Ekaiser|epinedeFer
77%
H A Herbizarre|Hypnomade|Hypocean|Heliatronc|Hariyama|Hippopotas|Heatran|Haidaim|Hexagel|Helionceau|Hoopa|Hachecateur|Hastacuda|Hexadron|Hydragla|Hydragon
77%
H R Herbizarre|Hypotrempe|Hericendre|Heliatronc|Hyporoi|Hariyama|Heatran|Hachecateur|Hexadron|Hydragla|Hydragon|HurleQueue|HottedeFer
77%
L O Lippoutou|Leviator|Lokhlass|Loupio|Lippouti|Leuphorie|Laggron|Lineon|Lombre|Ludicolo|Lumivole|Libegon|Lovdisc|Latios|Luxio|Laporeille|Lockpin|Lucario|Lumineon|Leopardus|Lancargot|Lamperoie|Lewsor|Limonde|Lepidonille|Lucanon|Lougaroc|Lampignon|Lanssorien|Lapyro|Larmeleon|Leboulerou|Lestombaile
77%
N A Nidoranfemelle|Nidorina|Nidoranmale|Nosferalti|Nosferalto|Noadkoko|Noarfang|Natu|Noctali|Ningale|Ninjask|Negapi|Nanmeouie|Noacier|Neitram|Nymphali|Necrozma
77%
N O Nidoranfemelle|Nidorina|Nidoqueen|Nidoranmale|Nidorino|Nidoking|Nosferalti|Nosferalto|Noeunoeuf|Noadkoko|Noarfang|Nostenfer|Noctali|Nenupiot|Nirondelle|Noctunoir|Nodulithe|Nanmeouie|Nucleos|Noacier|Nemelios|Nounourson|Necrozma|Nigosier|Nigirigon
77%
Z R Zarbi|Zebiron|Zorua|Zoroark|Zekrom|Zygarde|Zeroid|Zeraora|Zapetrel
77%
A N Arcanin|Amonita|Amonistar|Artikodin|Anorith|Apitrini|Apireine|Archeodong|Anchwatt|Aflamanoir|Amphinobi|Angoliath|Astronelle
76%
C F Carabaffe|Coconfort|Chetiflor|Cerfrousse|Chimpenfeu|Ceriflor|Chaffreux|Crehelf|Crefollet|Crefadet|Couafarel|Concombaffe|Cablifere|Coiffeton|ChefdeFer
76%
E T Ectoplasma|Electrode|Elektek|Electhor|Entei|Elecsprint|Etourmi|Etourvol|Etouraptor|Engloutyran|Embrochet|ethernatos
76%
F U Feunard|Fantominus|Feurisson|Fouinette|Fouinar|Feuforeve|Farfuret|Feuillajou|Feuiloutan|Flamajou|Flamoutan|Flotajou|Flotoutan|Farfaduvet|Funecire|Furaiglon|Fulguris|Feunnec|Flambusard|Fluvetin|Flingouste|Flamiaou|Froussardine|Farfurex|Fourbelin|Fulgudog|Fulgulairo|Flamenroule|FongusFurie|Fortusimia|FeuPercant
76%
M R Mystherbe|Machopeur|Mackogneur|Magmar|Magicarpe|Metamorph|Minidraco|Macronium|Marill|Maraiste|Marcacrin|Maskadra|Mangriff|Morpheo|Melokrik|Magireve|Moufflair|Mimejunior|Momartik|Mateloutre|Miradar|Manternel|Maracachi|Mesmerella|Marisson|Mistigrix|Monorpale|Malamandre|Magearna|Marshadow|Mandrillon|Monthracite|Morpeko|Matourgeon|Miascarade|Motorizard|MitedeFer|Mordudor|Miraidon
76%
O I Ortide|Otaria|Onix|Osselait|Octillery|Oniglali|Obalie|Ouisticram|Ouvrifier|Opermine|Otaquin|Oratoria|Ouistempo|Olivini|Olivado
76%
P L Papilusion|Pyroli|Pifeuil|Parecool|Polichombr|Phogleur|Prinplouf|Pingoleon|Papilord|Phyllali|Palkia|Pashmilla|Polarhume|Polagriffe|Pyronille|Prismillon|Pandespiegle|Pitrouille|Piclairon|Plumeline|Palarticho|Paragruel|Polthegeist|Poulpaf|Palmaval|PelageSable|Poltchageist|Pondralugon
76%
Z A Zarbi|Zigzaton|Zorua|Zoroark|Zygarde|Zeraora|Zacian|Zamazenta|Zapetrel
76%
A C Aspicot|Arcanin|Arcko|Archeomire|Archeodong|Arceus|Anchwatt|Archeduc
75%
B Z Bulbizarre|Blizzi|Blizzaroi|Bazoucan|Blizzeval|Balbaleze
75%
C B Carabaffe|Crustabri|Cornebre|Celebi|Ceribou|Corboss|Colombeau|Chlorobule|Crocorible|Crabicoque|Crabaraque|Carabing|Cobaltium|Cabriolaine|Crabagarre|Crabominable|Concombaffe|Cablifere|Cerbyllin|Charbi|Charibari|Canarbello|Charbambin
75%
H I Herbizarre|Hericendre|Heliatronc|Hyporoi|Hariyama|Hippopotas|Hippodocus|Haidaim|Helionceau
75%
K A Kadabra|Kokiyas|Krabby|Krabboss|Kangourex|Kabuto|Kabutops|Kaiminus|Kapoera|Kirlia|Kraknoix|Kaorine|Kaymorse|Kranidos|Karaclee|Kravarech|Katagami|Krakos|Koraidon
75%
K R Kadabra|Krabby|Krabboss|Kangourex|Kapoera|Kirlia|Kraknoix|Kaorine|Kaymorse|Kyogre|Keunotor|Kranidos|Korillon|Karaclee|Kuyrem|Kravarech|Khelocrok|Krakos|Koraidon
75%
N I Nidoranfemelle|Nidorina|Nidoqueen|Nidoranmale|Nidorino|Nidoking|Nosferalti|Noctali|Nenupiot|Nirondelle|Ningale|Ninjask|Negapi|Noctunoir|Nodulithe|Nanmeouie|Noacier|Neitram|Nemelios|Nymphali|Nigosier|Nigirigon
75%
P N Papilusion|Persian|Ponyta|Poissirene|Porygon|Phanpy|Porygon2|Papinox|Prinplouf|Pingoleon|PorygonZ|Phione|Ponchiot|Ponchien|Poichigeon|Pyronille|Peregrain|Prismillon|Pandespiegle|Pandarbare|Ptyranidur|Piclairon|Plumeline|Pierroteknik|Pondralugon|Pechaminus
75%
R T Reptincel|Rattata|Rattatac|Relicanth|Registeel|Rozbouton|Rhinastoc|Roitiflam|Ratentif|Rototaupe|Rocabot|RugitLune
75%
S H Salameche|Scarhino|Sharpedo|Shaymin|Shaofouine|Solochi|Shifours
75%
T I Taupiqueur|Triopikeur|Typhlosion|Togepi|Togetic|Tournegrin|Teddiursa|Tyranocif|Tengalice|Tarinor|Tenefix|Tropius|Tortipouss|Tiplouf|Tritosor|Togekiss|Tarinorme|Tritonde|Trompignon|Tic|Trioxhydre|Terrakium|Trousselin|Tiboudet|Tritox|Tokorico|Tokopiyon|Tokopisco|Theffroi|Tournicoton|Toxizap|Tutetekri|Tissenboule|Taupikeau|Triopikeau|Terraiste
75%
T K Tortank|Triopikeur|Togekiss|Tutankafer|Terrakium|Tokorico|Tokopiyon|Tokotoro|Tokopisco|Tutetekri|Taupikeau|Triopikeau
75%
A U Aquali|Aligatueur|Azumarill|Airmure|Armulys|Azurill|Avaltout|Arceus|Archeduc|Argouste|Araqua|Ampibidou
74%
C T Coconfort|Chetiflor|Canarticho|Crustabri|Cotovol|Caratroc|Chenipotte|Chamallot|Camerupt|Chartor|Cacturne|Castorno|Cheniti|Capidextre|Coatox|Crefollet|Crefadet|Charpenti|Crapustule|Cryptero|Couaneton|Cliticlic|Coupenotte|Cobaltium|Cocotine|Chapotus|Coiffeton|Cleopsytra
74%
E C Ectoplasma|Electrode|Excelangue|Electhor|Ecremeuh|Elecsprint|Ecrapince|Ecayon|Escroco|Escargaume|Excavarenne|Effleche|Ecaid|Embrochet
74%
F N Feunard|Ferosinge|Fantominus|Feurisson|Fouinette|Fouinar|Feuiloutan|Flamoutan|Flotoutan|Funecire|Frison|Furaiglon|Feunnec|Fluvetin|Flingouste|Felinferno|Froussardine|Floramantis|Fantyrm|Flambino|Fourbelin|Frissonille|Fragroin|Filentrappe|Famignol|Flotillon|Forgelina|Flamenroule|FongusFurie|Felicanis|Favianos|FeuPercant
74%
G E Grolem|Germignon|Galifeu|Grahyena|Goelise|Gardevoir|Galekid|Galegon|Galeking|Groret|Grodrive|Goinfrex|Gallame|Geolithe|Gigalithe|Gaulet|Gringolem|Golemastoc|Gueriaigle|Genesect|Goupelin|Grenousse|Golgopathe|Grelacon|Guerilande|Grillepattes|Gourmelet|Gambex|Gigansel|Grondogue|Gribouraigne|Germeclat|GardedeFer
74%
G N Gravalanch|Germignon|Granivol|Granbull|Grahyena|Grainipiot|Galegon|Galeking|Groudon|Griknot|Goinfrex|Giratina|Grotichon|Grindur|Gringolem|Genesect|Goupelin|Grenousse|Galvaran|Grelacon|Guerilande|Gouroutan|Galvagon|Grimalin|Gigansel|Grondogue|Gribouraigne
74%
L E Lamantine|Leveinard|Leviator|Lainergie|Leuphorie|Lineon|Lombre|Lumivole|Libegon|Laporeille|Lumineon|Leopardus|Larveyette|Lakmecygne|Lamperoie|Lewsor|Lugulabre|Limaspeed|Limonde|Lepidonille|Larvibule|Lanssorien|Larmeleon|Lezargus|Lilliterelle|Leboulerou|Lestombaile
74%
L R Leveinard|Leviator|Lanturn|Lainergie|Leuphorie|Laggron|Lombre|Luxray|Laporeille|Lucario|Leopardus|Larveyette|Lancargot|Lamperoie|Lewsor|Lugulabre|Larvibule|Lougaroc|Lanssorien|Lapyro|Larmeleon|Larvadar|Lezargus|Lilliterelle|Leboulerou
74%
M U Miaouss|Machopeur|Mackogneur|Macronium|Meganium|Munja|Makuhita|Mystibule|Muciole|Milobellus|Mustebouee|Musteflott|Moufouette|Moufflair|Mimejunior|Moustillon|Mateloutre|Mastouffe|Munna|Mushana|Minotaupe|Melancolux|Mucuscule|Muplodocus|Matoufeu|Manglouton|Mimiqui|Mouscoto|M.Glaquette|Moumouflon|Moumouton|Matourgeon|Mordudor
74%
S I Sablaireau|Soporifik|Stari|Simularbre|Steelix|Scarhino|Suicune|Skitty|Spoink|Spinda|Seviper|Stalgamin|Simiabraz|Sancoki|Spiritomb|Shaymin|Scobolide|Siderella|Symbios|Statitik|Shaofouine|Scalpion|Scalproie|Solochi|Sucroquin|Sepiatop|Sepiatroce|Strassie|Sonistrelle|Sucreine|Sovkipou|Sarmurai|Silvallie|Sinistrail|Shifours|Sorcilence|Selutin|Scovilain|Superdofin
74%
T E Taupiqueur|Triopikeur|Tetarte|Tentacool|Tentacruel|Togepi|Togetic|Tournegrin|Teddiursa|Tengalice|Tenefix|Teraclope|Terhal|Torterra|Togekiss|Tarinorme|Tritonde|Tutafeh|Tutankafer|Trioxhydre|Terrakium|Trousselin|Tiboudet|Tarenbulle|Trepassable|Type0|Typezéro|Togedemaru|Theffroi|Tutetekri|Tissenboule|Tapatoes|Tetampoule|Terracool|Terracruel|Taupikeau|Triopikeau|Toutombe|Tomberro|Terraiste|TetesdeFer|Theffroyable|Terapagos
74%
T U Taupiqueur|Triopikeur|Tentacruel|Tauros|Toudoudou|Tarpaud|Tournegrin|Teddiursa|Tropius|Tortipouss|Tiplouf|Tutafeh|Tutankafer|Terrakium|Trousselin|Tiboudet|Tarenbulle|Togedemaru|Tournicoton|Tutetekri|Tissenboule|Tetampoule|Terracruel|Taupikeau|Triopikeau|Toutombe
74%
V I Voltali|Vigoroth|Vibraninf|Vacilys|Victini|Vipelierre|Venipatte|Vivaldaim|Viskuse|Vaututrice|Viridium|Volcanion|Vorasterie|Vemini|Virovent|Virevorreur|Vrombi
74%
V T Voltorbe|Voltali|Vigoroth|Vortente|Victini|Venipatte|Vostourno|Vaututrice|Vorasterie|Voltoutou|Virovent|Vrombotor|VertdeFer
74%
G L Gravalanch|Grolem|Galopa|Granivol|Granbull|Galifeu|Goelise|Galekid|Galegon|Galeking|Gloupti|Givrali|Gallame|Geolithe|Gigalithe|Gaulet|Gringolem|Golemastoc|Gueriaigle|Goupelin|Golgopathe|Gamblast|Galvaran|Grelacon|Guerilande|Galvagla|Galvagon|Goupilou|Grillepattes|Grimalin|Gourmelet|Gigansel|Germeclat|Glaivodo
73%
G U Goupix|Grodoudou|Granbull|Galifeu|Gobou|Gloupti|Groudon|Gruikui|Gaulet|Grindur|Gueriaigle|Goupelin|Grenousse|Guerilande|Gouroutan|Goupilou|Gourmelet|Grondogue|Gribouraigne
73%
M S Mystherbe|Mimitoss|Miaouss|Migalos|Maraiste|Malosse|Massko|Maskadra|Mystibule|Milobellus|Metalosse|Mustebouee|Musteflott|Motisma|Majaspic|Moustillon|Mastouffe|Mushana|Mascaiman|Megapagos|Miamiasme|Miasmax|Mesmerella|Meios|Marisson|Mistigrix|Mucuscule|Muplodocus|Mimantis|Mouscoto|Marshadow|Minisange|Miascarade
73%
P E Piafabec|Parasect|Persian|Poissirene|Ptera|Pomdepik|Poussifeu|Pifeuil|Parecool|Phogleur|Pingoleon|Phione|Ponchien|Poichigeon|Polarhume|Polagriffe|Pyronille|Passerouge|Peregrain|Pandespiegle|Pandarbare|Pitrouille|Plumeline|Predasterie|Pierroteknik|Paragruel|Polthegeist|Pohmotte|Pohmarmotte|Pietace|PelageSable|PaumedeFer|Poltchageist|Pechaminus
73%
P Y Psykokwak|Ponyta|Poissoroy|Pyroli|Porygon|Phanpy|Porygon2|Phyllali|PorygonZ|Pyronille|Pyrax|Psystigri|Ptyranidur|Pachyradjah|Pyrobut
73%
R H Raichu|Rhinocorne|Rhinoferos|Relicanth|Rhinastoc|Rhinolove|Reshiram
73%
A S Aspicot|Amonistar|Armulys|Absol|Arceus|Argouste|Astronelle|Amassel
72%
E R Empiflor|Electrode|Electhor|Ecremeuh|Embrylex|Elecsprint|Ecrapince|Etourmi|Etourvol|Etouraptor|Escroco|Escargaume|Excavarenne|Ekaiser|Engloutyran|Embrochet|ethernatos|epinedeFer
72%
L U Lippoutou|Loupio|Lanturn|Lippouti|Leuphorie|Lugia|Ludicolo|Lumivole|Luxio|Luxray|Lucario|Lumineon|Leopardus|Lugulabre|Larvibule|Lucanon|Lougaroc|Lunala|Lezargus|Leboulerou
72%
M C Machoc|Machopeur|Mackogneur|Magicarpe|Minidraco|Macronium|Marcacrin|Muciole|Mammochon|Majaspic|Mascaiman|Maracachi|Melancolux|Mucuscule|Muplodocus|Mouscoto|Monthracite|Miascarade
72%
M G Mackogneur|Magneti|Magneton|Magmar|Magicarpe|Meganium|Mimigal|Migalos|Magby|Mangriff|Metang|Magireve|Magnezone|Maganon|Megapagos|Mygavolt|Mistigrix|Manglouton|Magearna|M.Glaquette|Minisange|Matourgeon
72%
M L Melofee|Melodelfe|Mimigal|Migalos|Melo|Marill|Mentali|Malosse|Monaflemit|Mystibule|Muciole|Milobellus|Metalosse|Melokrik|Musteflott|Moufflair|Moustillon|Mateloutre|Manternel|Mesmerella|Mygavolt|Melancolux|Meloetta|Monorpale|Mucuscule|Muplodocus|Manglouton|Malamandre|Mandrillon|M.Glaquette|Moumouflon|Malvalame
72%
P S Papilusion|Paras|Parasect|Persian|Psykokwak|Poissirene|Poissoroy|Poussifeu|Posipi|Pachirisu|Pashmilla|Passerouge|Prismillon|Pandespiegle|Psystigri|Picassaut|Predasterie|Polthegeist|Poussacha|PelageSable|Poltchageist|Pechaminus
72%
R S Roucoups|Rapasdepic|Rafflesia|Ramoloss|Rhinoferos|Roselia|Rosabyss|Registeel|Roserade|Rhinastoc|Regigigas|Reshiram|Roussil|Rexillius|RampeAiles
72%
V L Voltorbe|Voltali|Volcaropod|Vacilys|Vipelierre|Vivaldaim|Venalgue|Volcanion|Voltoutou
72%
V O Voltorbe|Voltali|Volcaropod|Vigoroth|Vortente|Vostourno|Volcanion|Vorasterie|Verpom|Verpom|Verpom|Voltoutou|Virovent|Virevorreur|Vrombi|Vrombotor
72%
C L Colossinge|Chetiflor|Crocrodil|Coxyclaque|Cotovol|Celebi|Charmillon|Chamallot|Colhomard|Coquiperl|Cheniselle|Ceriflor|Chaglam|Coudlangue|Crehelf|Crefollet|Cresselia|Clamiral|Colombeau|Crapustule|Chlorobule|Crocorible|Clic|Cliticlic|Cobaltium|Croaporal|Cabriolaine|Couafarel|Cupcanaille|Colimucus|Chrysapile|Crabominable|Chelours|Cancrelove|Cablifere|Cerbyllin|Charmilly|Coleodome|Corvaillus|Chochodile|Crocogril|Canarbello|Compagnol|Cleopsytra
71%
E A Ectoplasma|Excelangue|Ecrapince|Etouraptor|Ecayon|Elekable|Emolga|Escargaume|Excavarenne|Exagide|Ecaid|Ekaiser|Engloutyran|ethernatos
71%
O A Otaria|Osselait|Ossatueur|Oniglali|Obalie|Ouisticram|Ohmassacre|Otaquin|Otarlette|Oratoria|Olivado|Oyacata
71%
S U Sablaireau|Spectrum|Saquedeneu|Scarabrute|Sulfura|Simularbre|Snubbull|Suicune|Scrutella|Sorboul|Sorbouboul|Shaofouine|Sapereau|Sucroquin|Sucreine|Sovkipou|Sarmurai|Shifours|Selutin|Superdofin|Scalpereur|SerpenteEau
71%
Z E Zebiron|Zeblitz|Zekrom|Zygarde|Zeroid|Zeraora|Zamazenta|Zapetrel
71%
Z I Zarbi|Zigzaton|Zebiron|Zeblitz|Zeroid|Zacian
71%
A P Aspicot|Apitrini|Apireine|Arkeapti|Aeropteryx|Amphinobi|Ampibidou
70%
B O Boustiflor|Balignon|Brouhabam|Barloche|Balbuto|Boskara|Bastiodon|Blizzaroi|Bouldeneu|Betochef|Brutapode|Boreas|Boguerisse|Braisillon|Brocelome|Banshitrouye|Brindibou|Bazoucan|Bombydou|Bourrinos|Bacabouh|Boumata|Bamboiselle|Badabouin|Bekaglacon|Blancoton|Briochien|Baojian
70%
C S Chrysacier|Colossinge|Caninos|Crustabri|Cerfrousse|Castorno|Charkos|Cheniselle|Corboss|Cresselia|Chovsourir|Crapustule|Carapagos|Colimucus|Chrysapile|Chelours|Cosmog|Cosmovum|Chapotus|Corvaillus|Cleopsytra|Courrousinge
70%
L N Lamantine|Leveinard|Lanturn|Lainergie|Laggron|Lineon|Libegon|Lockpin|Lumineon|Lianaja|Lakmecygne|Lancargot|Limonde|Lepidonille|Lucanon|Lampignon|Lunala|Lanssorien|Larmeleon
70%
T P Taupiqueur|Triopikeur|Typhlosion|Togepi|Tarpaud|Teraclope|Tropius|Tortipouss|Tiplouf|Trompignon|Trepassable|Type0|Typezéro|Tokopiyon|Tokopisco|Toxizap|Tapatoes|Tetampoule|Taupikeau|Triopikeau|Terapagos
70%
V A Voltali|Volcaropod|Vibraninf|Vacilys|Venipatte|Vivaldaim|Vaututrice|Venalgue|Volcanion|Vorasterie
70%
D L Dracolosse|Demolosse|Delcatty|Dynavolt|Dinoclier|Dialga|Deflaisan|Dimocles|Desseliande|Dodoala|Draieul|Dispareptil|Dolman|Duralugon|Delestin|Deusolourdo|Dinglu
69%
K E Kicklee|Kangourex|Kapoera|Kaorine|Kecleon|Kaymorse|Kyogre|Keunotor|Karaclee|Kungfouine|Kuyrem|Keldeo|Kravarech|Khelocrok
69%
K O Kokiyas|Krabboss|Kangourex|Kabuto|Kabutops|Kapoera|Kraknoix|Kaorine|Kecleon|Kaymorse|Kyogre|Keunotor|Kranidos|Korillon|Kungfouine|Keldeo|Khelocrok|Krakos|Koraidon
69%
M P Machopeur|Magicarpe|Metamorph|Morpheo|Manaphy|Majaspic|Minotaupe|Megapagos|Monorpale|Muplodocus|Morpeko
69%
N E Nidoranfemelle|Nidoqueen|Nidoranmale|Nosferalti|Nosferalto|Noeunoeuf|Nostenfer|Nenupiot|Nirondelle|Ningale|Negapi|Nodulithe|Nanmeouie|Nucleos|Noacier|Neitram|Nemelios|Necrozma|Nigosier
69%
O R Ortide|Otaria|Ossatueur|Octillery|Ouisticram|Ouvrifier|Ohmassacre|Opermine|Otarlette|Oratoria|Ogerpon
69%
O T Ortide|Otaria|Osselait|Ossatueur|Octillery|Ouisticram|Otaquin|Otarlette|Oratoria|Ouistempo|Oyacata
69%
G V Gravalanch|Grotadmorv|Granivol|Gardevoir|Grodrive|Givrali|Galvaran|Galvagla|Galvagon|Glaivodo
68%
V R Voltorbe|Volcaropod|Vigoroth|Vibraninf|Vortente|Vipelierre|Vostourno|Vaututrice|Viridium|Vorasterie|Verpom|Verpom|Verpom|Virovent|Virevorreur|Vrombi|Vrombotor|VertdeFer
68%
D F Dracaufeu|Deflaisan|Dofin
67%
D N Dardargnan|Demanta|Donphan|Debugant|Dynavolt|Dinoclier|Deflaisan|Darumarond|Drakkarmin|Dedenne|Desseliande|Diancie|Denticrisse|Dolman|Dratatin|Dunaconda|Dunaja|Duralugon|Dogrino|Dofin|Delestin|Dinglu
67%
G D Grodoudou|Grotadmorv|Gardevoir|Galekid|Groudon|Grodrive|Grindur|Guerilande|Grondogue|Glaivodo|GardedeFer
67%
N L Nidoranfemelle|Nidoranmale|Nosferalti|Nosferalto|Noctali|Nirondelle|Ningale|Nodulithe|Nucleos|Nemelios|Nymphali
67%
R P Reptincel|Roucoups|Rapasdepic|Rapion|Rototaupe|RampeAiles
67%
S O Soporifik|Smogo|Smogogo|Staross|Scorplane|Scarhino|Sharpedo|Spoink|Seleroc|Solaroc|Skelenox|Sancoki|Spiritomb|Scorvol|Scobolide|Symbios|Sorbebe|Sorboul|Sorbouboul|Shaofouine|Scalpion|Scalproie|Solochi|Sucroquin|Sepiatop|Sepiatroce|Sonistrelle|Spododo|Sovkipou|Solgaleo|Scolocendre|Shifours|Sorcilence|Sylveroy|Scovilain|Superdofin
67%
Y Y Yanma|Ymphect|Yanmega|Yveltal|Yuyu
67%
Z O Zigzaton|Zebiron|Zorua|Zoroark|Zekrom|Zeroid|Zeraora
67%
A E Aeromite|Aligatueur|Airmure|Apireine|Archeomire|Archeodong|Arceus|Arkeapti|Aeropteryx|Archeduc|Argouste|Astronelle|Amassel
66%
D I Dodrio|Dinoclier|Dimoret|Dialga|Darkrai|Deflaisan|Drakkarmin|Diamat|Dimocles|Desseliande|Diancie|Denticrisse|Draieul|Dispareptil|Dratatin|Dogrino|Dofin|Delestin|Dinglu
66%
E M Empiflor|Ectoplasma|Ecremeuh|Embrylex|Etourmi|Emolga|Escargaume|Embrochet
66%
G T Grotadmorv|Grainipiot|Gloupti|Groret|Griknot|Giratina|Grotichon|Geolithe|Gigalithe|Gaulet|Golemastoc|Genesect|Golgopathe|Gamblast|Gouroutan|Gorythmic|Grillepattes|Gourmelet|Germeclat
66%
L T Lamantine|Lippoutou|Leviator|Lanturn|Lippouti|Latias|Latios|Larveyette|Lancargot|Lilliterelle|Lestombaile
66%
N T Nosferalti|Nosferalto|Nostenfer|Natu|Noctali|Nenupiot|Noctunoir|Nodulithe|Neitram
66%
O E Ortide|Osselait|Ossatueur|Octillery|Okeoke|Obalie|Ouvrifier|Ohmassacre|Opermine|Otarlette|Ouistempo|Ogerpon
66%
Y E Ymphect|Yanmega|Yveltal
66%
D S Dracolosse|Demolosse|Drackhaus|Deoxys|Drascore|Deflaisan|Demeteros|Dimocles|Desseliande|Denticrisse|Dispareptil|Delestin|Deusolourdo
65%
E P Empiflor|Ectoplasma|Elecsprint|Ecrapince|Etouraptor|epinedeFer
65%
H O Hypnomade|Hypotrempe|Hypocean|Hoothoot|Heliatronc|Hyporoi|HoOh|Hippopotas|Hippodocus|Helionceau|Hoopa|Hexadron|Hydragon|HottedeFer
65%
I I Insecateur|Insolourdo|Insisache|Iguolta|Ixon|IreFoudre
65%
M H Mystherbe|Machoc|Machopeur|Metamorph|Medhyena|Makuhita|Morpheo|Mammochon|Manaphy|Mushana|Maracachi|Marshadow|Monthracite
65%
S T Sabelette|Spectrum|Stari|Staross|Scarabrute|Steelix|Skitty|Stalgamin|Spiritomb|Scrutella|Statitik|Sepiatop|Sepiatroce|Strassie|Sonistrelle|Sinistrail|Spectreval|Selutin|SerpenteEau
65%
X A Xatu|Xerneas
65%
X X Xatu|Xerneas
65%
Y T Ymphect|Yveltal
65%
F S Ferosinge|Flagadoss|Fantominus|Feurisson|Foretress|Frison|Fulguris|Flambusard|Florges|Flingouste|Froussardine|Floramantis|Frissonille|FongusFurie|Felicanis|Fortusimia|Favianos
64%
F T Fantominus|Fouinette|Foretress|Farfuret|Feuiloutan|Flamoutan|Flotajou|Flotoutan|Farfaduvet|Fermite|Floette|Fluvetin|Flingouste|Floramantis|Fantyrm|Flamigator|Filentrappe|Flotillon|Forgerette|Ferdeter|Floreclat|FortIvoire|FlotteMeche|Fortusimia|FeuPercant
64%
G M Grolem|Grotadmorv|Germignon|Gallame|Gringolem|Golemastoc|Gamblast|Gorythmic|Grimalin|Gourmelet|Gambex|Germeclat|Gromago
64%
N R Nidoranfemelle|Nidorina|Nidoranmale|Nidorino|Nosferalti|Nosferalto|Noarfang|Nostenfer|Nirondelle|Noctunoir|Noacier|Neitram|Nounourson|Necrozma|Nigosier|Nigirigon
64%
T L Tentacool|Tentacruel|Typhlosion|Tengalice|Tarsal|Tylton|Teraclope|Terhal|Tiplouf|Trousselin|Tarenbulle|Trepassable|Tissenboule|Tetampoule|Terracool|Terracruel|Theffroyable
64%
T S Tauros|Typhlosion|Teddiursa|Tarsal|Tropius|Tortipouss|Tritosor|Togekiss|Trousselin|Trepassable|Tokopisco|Tissenboule|Tapatoes|Terraiste|TetesdeFer|Terapagos
64%
V E Voltorbe|Vortente|Vipelierre|Venipatte|Viskuse|Vaututrice|Venalgue|Vorasterie|Vemini|Verpom|Verpom|Verpom|Virovent|Virevorreur|VertdeFer
64%
Y A Yanma|Yanmega|Yveltal
64%
B S Boustiflor|Brasegali|Blindalys|Boskara|Bastiodon|Boreas|Boguerisse|Braisillon|Banshitrouye|Bourrinos|Bamboiselle|Berserkatt|Bleuseille|Berasca
63%
D G Dardargnan|Debugant|Dialga|Dragmara|Duralugon|Dogrino|Dinglu
63%
P T Parasect|Ptitard|Ponyta|Ptera|Ptiravi|Ponchiot|Psystigri|Ptyranidur|Pitrouille|Picassaut|Predasterie|Pierroteknik|Palarticho|Polthegeist|Pyrobut|Pohmotte|Pohmarmotte|Patachiot|Pimito|Pietace|Poltchageist
63%
Z B Zarbi|Zebiron|Zeblitz
63%
A D Artikodin|Arakdo|Armaldo|Archeodong|Archeduc|Arrozard|Ampibidou
62%
B T Boustiflor|Balbuto|Branette|Bastiodon|Babimanta|Betochef|Batracne|Brutapode|Bargantua|Brutalibre|Banshitrouye|Boumata|Berserkatt|Bibichut|Blancoton
62%
F M Fantominus|Flamajou|Flamoutan|Fermite|Flambusard|Flamiaou|Floramantis|Fantyrm|Flambino|Flamigator|Famignol|Flamenroule|FlotteMeche|Fortusimia
62%
H N Hypnomade|Hypocean|Hericendre|Heliatronc|Heatran|Helionceau|Hexadron|Hydragon
62%
I U Insecateur|Insolourdo|Iguolta|IreFoudre
62%
S B Sabelette|Sablaireau|Scarabrute|Simularbre|Snubbull|Simiabraz|Spiritomb|Scobolide|Symbios|Sorbebe|Sorboul|Sorbouboul
62%
W W Wattouat|Wailmer|Wailord|Wagomine|Wattapik|Wimessir|Wushours
62%
B N Blindalys|Bekipan|Balignon|Branette|Bastiodon|Babimanta|Bouldeneu|Batracne|Bargantua|Baggiguane|Blindepique|Braisillon|Banshitrouye|Bruyverne|Brindibou|Bazoucan|Bourrinos|Badabouin|Bekaglacon|Beldeneige|Blancoton|Briochien|Baojian
61%
C M Capumain|Charmillon|Chuchmur|Charmina|Chamallot|Camerupt|Colhomard|Chimpenfeu|Chaglam|Carmache|Clamiral|Colombeau|Cobaltium|Chevroum|Colimucus|Crabominable|Concombaffe|Cosmog|Cosmovum|Charmilly|Coleodome|Corayome|Cremy|Compagnol|Charbambin|Carmadura
61%
E V Evoli|Etourvol|Excavarenne
61%
I A Insecateur|Insisache|Iguolta
61%
K I Kokiyas|Kicklee|Kaiminus|Kirlia|Kraknoix|Kaorine|Kranidos|Korillon|Kungfouine|Katagami|Koraidon
61%
K N Kangourex|Kaiminus|Kraknoix|Kaorine|Kecleon|Keunotor|Kranidos|Korillon|Kungfouine|Koraidon
61%
N U Nidoqueen|Noeunoeuf|Natu|Nenupiot|Noctunoir|Nodulithe|Nanmeouie|Nucleos|Nounourson
61%
Q Q Qulbutoke|Qwilfish|Queulorior|Quatermac|Qwilpik
61%
A Z Alakazam|Azumarill|Azurill|Arrozard
60%
F D Feunard|Flagadoss|Farfaduvet|Fragilady|Flambusard|Froussardine|Fulgudog|Ferdeter|Frigodo
60%
J J Joliflor|Jungko|Jirachi|Judokrak
60%
L G Lainergie|Limagma|Lugia|Laggron|Libegon|Lakmecygne|Lancargot|Lugulabre|Lougaroc|Lampignon|Lezargus
60%
M D Melodelfe|Minidraco|Medhyena|Maskadra|Meditikka|Miradar|Moyade|Muplodocus|Malamandre|Marshadow|Mandrillon|Miascarade|Motorizard|MitedeFer|Mordudor|Miraidon
60%
O N Onix|Oniglali|Opermine|Otaquin|Olivini|Ogerpon
60%
Q L Qulbutoke|Qwilfish|Queulorior|Qwilpik
60%
R F Rafflesia|Rhinoferos|Ronflex|Roitiflam|Ratentif|RouedeFer|RocdeFer
60%
X E Xerneas
60%
X N Xerneas
60%
X R Xerneas
60%
X S Xerneas
60%
Y L Yveltal
60%
Y V Yveltal
60%
Z G Zigzaton|Zygarde
60%
E S Ectoplasma|Elecsprint|Escroco|Escargaume|Ekaiser|ethernatos
59%
G P Goupix|Galopa|Grainipiot|Gloupti|Goupelin|Golgopathe|Goupilou|Grillepattes
59%
H C Hypocean|Hericendre|Heliatronc|Hippodocus|Helionceau|Hachecateur|Hastacuda
59%
H D Hypnomade|Hericendre|Heledelle|Hippodocus|Haidaim|Hastacuda|Hexadron|Hydragla|Hydragon|HottedeFer
59%
I T Insecateur|Iguolta
59%
N C Noctali|Noctunoir|Nucleos|Noacier|Necrozma
59%
R D Rapasdepic|Rondoudou|Roigada|Remoraid|Roserade|Regidrago|Rongourmand|Roublenard|RouedeFer|RocdeFer
59%
S N Saquedeneu|Scorplane|Snubbull|Scarhino|Suicune|Spoink|Spinda|Skelenox|Stalgamin|Serpang|Sancoki|Shaymin|Shaofouine|Scalpion|Sucroquin|Sonistrelle|Sucreine|Sinistrail|Salarsen|Scolocendre|Sorcilence|Selutin|Scovilain|Superdofin|SerpenteEau
59%
S P Spectrum|Soporifik|Scorplane|Sharpedo|Spoink|Spinda|Seviper|Serpang|Spiritomb|Scalpion|Scalproie|Sapereau|Sepiatop|Sepiatroce|Spododo|Sovkipou|Spectreval|Superdofin|Scalpereur|SerpenteEau
59%
W A Wattouat|Wailmer|Wailord|Wagomine|Wattapik
59%
Z N Zigzaton|Zebiron|Zacian|Zamazenta
59%
A Q Aquali|Araqua
58%
D T Demanta|Debugant|Delcatty|Dynavolt|Drattak|Dimoret|Doudouvet|Diamat|Demeteros|Denticrisse|Dispareptil|Dratatin|Delestin
58%
E N Excelangue|Entei|Elecsprint|Ecrapince|Ecayon|Excavarenne|Engloutyran|ethernatos|epinedeFer
58%
H T Hypotrempe|Hoothoot|Heliatronc|Hippopotas|Heatran|Hachecateur|Hastacuda|HottedeFer
58%
P G Porygon|Porygon2|Phogleur|Pingoleon|PorygonZ|Poichigeon|Polagriffe|Passerouge|Peregrain|Pandespiegle|Psystigri|Paragruel|Polthegeist|PelageSable|Poltchageist|Pondralugon
58%
R G Roucarnage|Roigada|Regirock|Regice|Registeel|Regigigas|Regidrago|Regieleki|Rongourmand|Rongrigou|RugitLune
58%
Z D Zygarde|Zeroid
58%
C Y Chrysacier|Coxy|Coxyclaque|Cizayox|Corayon|Cryptero|Chrysapile|Cerbyllin|Charmilly|Corayome|Cremy|Cleopsytra|Cryodo
57%
H B Herbizarre
57%
H Z Herbizarre
57%
K L Kicklee|Kirlia|Kecleon|Korillon|Karaclee|Keldeo|Khelocrok
57%
L M Lamantine|Limagma|Lombre|Lumivole|Lumineon|Lakmecygne|Lamperoie|Limaspeed|Limonde|Lampignon|Larmeleon|Lestombaile
57%
O L Osselait|Octillery|Oniglali|Obalie|Otarlette|Olivini|Olivado
57%
R M Ramoloss|Remoraid|Ramboum|Roitiflam|Reshiram|Rubombelle|Rongourmand|RampeAiles
57%
W O Wattouat|Wailord|Wagomine|Wushours
57%
F G Ferosinge|Flagadoss|Fragilady|Furaiglon|Fulguris|Florges|Flingouste|Fulgudog|Flamigator|Fragroin|Famignol|Fulgulairo|Forgerette|Forgella|Forgelina|Farigiraf|FongusFurie|Frigodo
56%
J R Joliflor|Jirachi|Judokrak
56%
K B Kadabra|Krabby|Krabboss|Kabuto|Kabutops
56%
L C Ludicolo|Lovdisc|Lockpin|Lucario|Lakmecygne|Lancargot|Lucanon|Lougaroc
56%
L P Lippoutou|Loupio|Lippouti|Leuphorie|Laporeille|Lockpin|Leopardus|Lamperoie|Limaspeed|Lepidonille|Lampignon|Lapyro
56%
Q E Qulbutoke|Queulorior|Quatermac
56%
Q U Qulbutoke|Queulorior|Quatermac
56%
T D Tartard|Tadmorv|Toudoudou|Tarpaud|Teddiursa|Tritonde|Tranchodon|Trioxhydre|Tiboudet|Togedemaru|Torgamord|TetesdeFer
56%
Z Y Zygarde
56%
A H Anorith|Archeomire|Archeodong|Anchwatt|Amphinobi|Archeduc|Angoliath
55%
F Z Florizarre
55%
I N Insecateur|Insolourdo|Insisache|Ixon
55%
K D Kadabra|Kranidos|Keldeo|Koraidon
55%
K U Kangourex|Kabuto|Kabutops|Kaiminus|Keunotor|Kungfouine|Kuyrem
55%
M W Mewtwo|Mew|Marshadow
55%
E H Electhor|Ecremeuh|Effleche|Embrochet|ethernatos
54%
M F Melofee|Melodelfe|Monaflemit|Mangriff|Musteflott|Moufouette|Moufflair|Mastouffe|Matoufeu|Moumouflon|MitedeFer
54%
S F Soporifik|Sulfura|Shaofouine|Shifours|Superdofin
54%
T C Tentacool|Tentacruel|Togetic|Tyranocif|Tengalice|Teraclope|Tic|Tranchodon|Tokorico|Tokopisco|Tournicoton|Terracool|Terracruel
54%
T F Tyranocif|Tenefix|Tiplouf|Tutafeh|Tutankafer|Theffroi|TetesdeFer|Theffroyable
54%
T Y Tygnon|Typhlosion|Tyranocif|Tylton|Trioxhydre|Type0|Typezéro|Tokopiyon|Theffroyable
54%
Z T Zigzaton|Zeblitz|Zamazenta|Zapetrel
54%
C D Crocrodil|Cadoizo|Colhomard|Capidextre|Cradopaud|Coudlangue|Crefadet|Couverdure|Chinchidou|Candine|Coleodome|Chochodile|Carmadura|Cryodo|ChefdeFer
53%
D M Demanta|Demolosse|Dimoret|Darumarond|Darumacho|Drakkarmin|Diamat|Demeteros|Dimocles|Dragmara|Dolman
53%
G C Gravalanch|Grotichon|Golemastoc|Genesect|Grelacon|Gorythmic|Germeclat
53%
G H Gravalanch|Grahyena|Grotichon|Geolithe|Gigalithe|Golgopathe|Gorythmic
53%
N D Nidoranfemelle|Nidorina|Nidoqueen|Nidoranmale|Nidorino|Nidoking|Noadkoko|Nirondelle|Nodulithe
53%
P F Piafabec|Poussifeu|Pifeuil|Prinplouf|Polagriffe|Poulpaf|PaumedeFer
53%
Q O Qulbutoke|Queulorior
53%
W I Wailmer|Wailord|Wagomine|Wattapik|Wimessir
53%
B D Blindalys|Bastiodon|Baudrive|Bouldeneu|Brutapode|Baggaid|Blindepique|Brindibou|Bombydou|Badabouin|Beldeneige
52%
I S Insecateur|Insolourdo|Insisache
52%
J I Joliflor|Jirachi
52%
K G Kangourex|Kyogre|Kungfouine|Katagami
52%
K S Kokiyas|Krabboss|Kabutops|Kaiminus|Kaymorse|Kranidos|Krakos
52%
K Y Kokiyas|Krabby|Kaymorse|Kyogre|Kuyrem
52%
L S Lokhlass|Lovdisc|Latias|Latios|Leopardus|Lewsor|Limaspeed|Lanssorien|Lezargus|Lestombaile
52%
L V Leveinard|Leviator|Lumivole|Lovdisc|Larveyette|Larvibule|Larvadar
52%
O S Osselait|Ossatueur|Ouisticram|Ohmassacre|Ouistempo
52%
O U Ossatueur|Ouisticram|Ouvrifier|Otaquin|Ouistempo
52%
V N Vibraninf|Vortente|Victini|Venipatte|Vostourno|Venalgue|Volcanion|Vemini|Virovent
52%
Z M Zekrom|Zamazenta
52%
B G Brasegali|Balignon|Bargantua|Baggiguane|Baggaid|Boguerisse|Bekaglacon|Beldeneige
51%
E D Electrode|Elekid|Exagide|Ecaid|epinedeFer
51%
E K Elektek|Elekid|Eoko|Elekable|Ekaiser
51%
I R Insecateur|Insolourdo|IreFoudre
51%
N G Nidoking|Noarfang|Ningale|Negapi|Nigosier|Nigirigon
51%
N M Nidoranfemelle|Nidoranmale|Nanmeouie|Neitram|Nemelios|Nymphali|Necrozma
51%
Q I Qwilfish|Queulorior|Qwilpik
51%
T G Tygnon|Togepi|Togetic|Tournegrin|Tengalice|Togekiss|Trompignon|Togedemaru|Torgamord|TagTag|Terapagos
51%
U A Ursaring|Ursaking
51%
U G Ursaring|Ursaking
51%
U I Ursaring|Ursaking
51%
U N Ursaring|Ursaking
51%
U R Ursaring|Ursaking
51%
U S Ursaring|Ursaking
51%
U U Ursaring|Ursaking
51%
I E Insecateur|Insisache|IreFoudre
50%
I O Insolourdo|Iguolta|Ixon|IreFoudre
50%
K C Kicklee|Kecleon|Karaclee|Kravarech|Khelocrok
50%
M Y Mystherbe|Magby|Medhyena|Mystibule|Manaphy|Moyade|Mygavolt
50%
P M Pharamp|Pomdepik|Polichombr|Pashmilla|Polarhume|Prismillon|Plumeline|Pomdrapi|Palmaval|Pohm|Pohmotte|Pohmarmotte|Pimito|PaumedeFer|Pomdramour|Pomdorochi|Pechaminus
50%
V B Voltorbe|Vibraninf|Vrombi|Vrombotor
50%
Z K Zoroark|Zekrom
50%
B C Barloche|Barbicha|Betochef|Batracne|Brocelome|Bazoucan|Bacabouh|Bebecaille|Bekaglacon|Bibichut|Blancoton|Briochien|Berasca
49%
J A Jirachi|Judokrak
49%
J O Joliflor|Jungko|Judokrak
49%
M K Mackogneur|Massko|Maskadra|Makuhita|Meditikka|Melokrik|Momartik|Morpeko
49%
N P Nenupiot|Negapi|Nymphali
49%
N S Nosferalti|Nosferalto|Nostenfer|Ninjask|Nucleos|Nemelios|Nounourson|Nigosier
49%
Q T Qulbutoke|Quatermac
49%
E U Excelangue|Ecremeuh|Etourmi|Etourvol|Etouraptor|Escargaume|Engloutyran
48%
G F Girafarig|Galifeu|Goinfrex|GardedeFer
48%
L D Leveinard|Ludicolo|Lovdisc|Leopardus|Limaspeed|Limonde|Lepidonille|Larvadar
48%
M B Mystherbe|Magby|Mystibule|Milobellus|Mustebouee|Mamanbo
48%
N K Nidoking|Noadkoko|Ninjask
48%
O C Octillery|Ouisticram|Ohmassacre|Oyacata
48%
Q K Qulbutoke|Qwilpik
48%
T M Tadmorv|Tarinorme|Trompignon|Terrakium|Togedemaru|Torgamord|Tetampoule|Toutombe|Tomberro
48%
I C Insecateur|Insisache
47%
S G Smogo|Smogogo|Stalgamin|Serpang|Solgaleo
47%
V C Volcaropod|Vacilys|Victini|Vaututrice|Volcanion
47%
A W Akwakwak|Anchwatt
46%
C G Colossinge|Cochignon|Chapignon|Chaglam|Coudlangue|Carapagos|Carabing|Crabagarre|Cosmog|Crocogril|Compagnol|Courrousinge|Chongjian
46%
E G Excelangue|Emolga|Escargaume|Exagide|Engloutyran
46%
I L Insolourdo|Iguolta
46%
D Y Delcatty|Dynavolt|Draby|Deoxys
45%
O M Ouisticram|Ohmassacre|Opermine|Ouistempo
45%
T H Typhlosion|Terhal|Tutafeh|Tranchodon|Trioxhydre|Theffroi|Theffroyable
45%
W E Wailmer|Wagomine|Wimessir
45%
W M Wailmer|Wagomine|Wimessir
45%
Y M Yanma|Ymphect|Yanmega
45%
N F Nidoranfemelle|Nosferalti|Nosferalto|Noeunoeuf|Noarfang|Nostenfer
44%
P B Piafabec|Polichombr|Pandarbare|Pyrobut|PelageSable
44%
V M Vivaldaim|Viridium|Vemini|Verpom|Verpom|Verpom|Vrombi|Vrombotor
44%
V P Volcaropod|Vipelierre|Venipatte|Verpom|Verpom|Verpom
44%
V U Viskuse|Vostourno|Vaututrice|Viridium|Venalgue|Voltoutou|Virevorreur
44%
W R Wailmer|Wailord|Wimessir|Wushours
44%
W T Wattouat|Wattapik
44%
B P Bekipan|Barpau|Brutapode|Blindepique
43%
C X Coxy|Coxyclaque|Cizayox|Capidextre|Chaffreux|Coatox
43%
E X Excelangue|Embrylex|Excavarenne|Exagide
43%
G X Goupix|Goinfrex|Gambex
43%
H Y Hypnomade|Hypotrempe|Hypocean|Hyporoi|Hariyama|Hydragla|Hydragon
43%
Q B Qulbutoke
43%
V D Volcaropod|Vivaldaim|Viridium|VertdeFer
43%
F B Flobio|Flambusard|Flabebe|Flambino|Fourbelin
42%
G S Goelise|Golemastoc|Genesect|Grenousse|Gamblast|Grillepattes|Gigansel
42%
H L Heliatronc|Heledelle|Hexagel|Helionceau|Hydragla|HurleQueue
42%
H P Hypnomade|Hypotrempe|Hypocean|Hyporoi|Hippopotas|Hippodocus|Hoopa
42%
N H Nodulithe|Nymphali
42%
Q R Queulorior|Quatermac
42%
R Z Rayquaza|Rozbouton
42%
W U Wattouat|Wushours
42%
A G Aligatueur|Archeodong|Amagara|Argouste|Angoliath
41%
B H Brouhabam|Barloche|Barbicha|Betochef|Banshitrouye|Bacabouh|Bibichut|Briochien
41%
B K Bekipan|Boskara|Bekaglacon|Berserkatt
41%
D K Drackhaus|Drattak|Darkrai|Drakkarmin
41%
H M Hypnomade|Hypotrempe|Hariyama|Haidaim
41%
J C Jirachi
41%
J H Jirachi
41%
P D Ptitard|Pomdepik|Papilord|Pandespiegle|Pandarbare|Ptyranidur|Predasterie|Pachyradjah|Pomdrapi|PaumedeFer|Pomdramour|Pondralugon|Pomdorochi
41%
R Y Rosabyss|Rayquaza
41%
C V Cotovol|Carvanha|Chovsourir|Couverdure|Chevroum|Cosmovum|Cancrelove|Corvaillus
40%
E F Empiflor|Effleche|epinedeFer
40%
K M Kaiminus|Kaymorse|Kuyrem|Katagami
40%
K T Kabuto|Kabutops|Keunotor|Katagami
40%
Q F Qwilfish
40%
Q H Qwilfish
40%
Q S Qwilfish
40%
Q W Qwilfish|Qwilpik
40%
R K Raikou|Regirock|Regieleki
40%
R X Ronflex|Rexillius
40%
S D Saquedeneu|Sharpedo|Spinda|Scobolide|Siderella|Spododo|Scolocendre|Superdofin
40%
F C Funecire|Feunnec|Floreclat|FlotteMeche|Felicanis|FeuPercant
39%
J K Jungko|Judokrak
39%
J U Jungko|Judokrak
39%
L B Lombre|Libegon|Lugulabre|Larvibule|Leboulerou|Lestombaile
39%
R Q Rayquaza
39%
A X Axoloto|Aeropteryx
38%
B M Brouhabam|Babimanta|Brocelome|Bombydou|Boumata|Bamboiselle
38%
C Z Cizayox|Cadoizo|Crikzik
38%
E B Embrylex|Elekable|Embrochet
38%
F V Floravol|Feuforeve|Farfaduvet|Fluvetin|FortIvoire|Favianos
38%
G B Granbull|Gobou|Gamblast|Gambex|Gribouraigne
38%
N Y Nymphali
38%
X T Xatu
38%
X U Xatu
38%
B F Boustiflor|Betochef
37%
I G Iguolta
37%
M J Munja|Mimejunior|Majaspic
37%
O B Obalie
37%
O X Onix
37%
G K Galekid|Galeking|Griknot|Gruikui
36%
L K Lokhlass|Lockpin|Lakmecygne
36%
L Y Lixy|Luxray|Larveyette|Lakmecygne|Lapyro
36%
D B Debugant|Draby
35%
D H Donphan|Drackhaus|Darumacho
35%
R B Ramboum|Rosabyss|Rozbouton|Rubombelle|Rocabot|Roublenard
35%
S K Soporifik|Skitty|Spoink|Skelenox|Sancoki|Statitik|Sovkipou
35%
W L Wailmer|Wailord
35%
Z C Zacian
35%
Z L Zeblitz|Zapetrel
35%
E Y Embrylex|Ecayon|Engloutyran
34%
H U Hippodocus|Helionceau|Hachecateur|Hastacuda|HurleQueue
34%
S V Seviper|Scorvol|Sovkipou|Silvallie|Spectreval|Sylveroy|Scovilain
34%
U K Ursaking
34%
V S Vacilys|Viskuse|Vostourno|Vorasterie
34%
Y N Yanma|Yanmega
34%
A F Aflamanoir
33%
K P Kabutops|Kapoera
33%
Y C Ymphect
33%
Y H Ymphect
33%
Y P Ymphect
33%
J F Joliflor
32%
J L Joliflor
32%
K X Kangourex|Kraknoix
32%
S Y Skitty|Shaymin|Symbios|Sylveroy
32%
W D Wailord
32%
Y G Yanmega
32%
C K Crikzik|Charkos|Carchacrok
31%
T X Tenefix|Trioxhydre|Tritox|Toxizap
31%
A V Avaltout|Arboliva
30%
D X Deoxys
29%
I D Insolourdo|IreFoudre
29%
C Q Coxyclaque|Coquiperl|Crabicoque|Crabaraque|Croquine
28%
N Q Nidoqueen
28%
O G Oniglali|Ogerpon
28%
O P Opermine|Ouistempo|Ogerpon
28%
S X Steelix|Skelenox
28%
T Q Taupiqueur
28%
B V Baudrive|Bruyverne|Blizzeval
27%
J G Jungko
27%
J N Jungko
27%
S Z Simiabraz
27%
B Y Blindalys|Banshitrouye|Bruyverne|Bombydou
26%
J D Judokrak
26%
M V Magireve|Mygavolt|Malvalame
26%
M Z Manzai|Magnezone|Motorizard
26%
O D Ortide|Olivado
26%
P W Psykokwak
26%
S Q Saquedeneu|Sucroquin
26%
T B Tiboudet|Tarenbulle|Trepassable|Tissenboule|Toutombe|Tomberro|Theffroyable
26%
L X Lixy|Luxio|Luxray
25%
Q A Quatermac
25%
Q C Quatermac
25%
Q M Quatermac
25%
D P Donphan|Dispareptil
24%
O K Okeoke
24%
O Y Octillery|Oyacata
24%
V F Vibraninf|VertdeFer
24%
W G Wagomine
24%
W K Wattapik
24%
W N Wagomine
24%
W P Wattapik
24%
W S Wimessir|Wushours
24%
A Y Armulys|Aeropteryx
23%
D V Dynavolt|Doudouvet
23%
L H Leuphorie|Lokhlass
23%
L J Lianaja
23%
O H Ohmassacre
23%
P J Pijako|Pachyradjah
23%
P X Papinox|Pyrax
23%
T V Tadmorv
23%
V G Vigoroth|Venalgue
22%
M X Miasmax|Melancolux|Mistigrix
21%
O Q Otaquin
21%
P V Ptiravi|Palmaval
21%
Q P Qwilpik
21%
Y U Yuyu
21%
F J Feuillajou|Flamajou|Flotajou
20%
H G Hexagel|Hydragla|Hydragon
20%
H X Hexagel|Hexadron
20%
K H Kravarech|Khelocrok
20%
N Z Necrozma
20%
B Q Blindepique
19%
G Y Grahyena|Gorythmic
19%
H S Hippopotas|Hippodocus|Hastacuda
19%
I X Ixon
19%
M Q Mimiqui|M.Glaquette
19%
B J Baojian
18%
F Y Fragilady|Fantyrm
18%
W H Wushours
18%
I H Insisache
17%
T Z Type0|Typezéro|Toxizap
17%
Z P Zapetrel
17%
O V Ouvrifier|Olivini|Olivado
16%
I F IreFoudre
15%
L Z Lezargus
15%
N J Ninjask
15%
P Z PorygonZ
15%
K V Kravarech
14%
L W Lewsor
14%
H Q HurleQueue
13%
V H Vigoroth
13%
V Y Vacilys
13%
C J Chongjian
12%
F H FlotteMeche
12%
F P Filentrappe|FeuPercant
12%
F X Farfurex
12%
H F HottedeFer
12%
V K Viskuse
12%
O F Ouvrifier
11%
S W Seracrawl
11%
D J Dunaja
10%
K F Kungfouine
10%
R V Rhinolove
9%
Aucun quiz correspondant
Distribution des résultats
% des personnes avec chaque résultat
Percentile par nombre de réponses
Votre historique - résultats
Vous n’avez pas pris ce quiz